{"text_format":"1","workbook":"xlsx","n_sheets":2,"sheets":["Данные","Лист1"],"not_rendered":{"charts":0,"images":0,"macros":1,"external_links":0,"defined_names":4,"comments":0,"pivot_tables":0},"unopened":[],"bounds":{"document_bytes":16777216,"sheet_cells":100000,"rows_first":2000,"rows_last":500,"rows_between":2000,"halvings":0,"cell_chars":16384,"cell_head_chars":4096},"cells_cut":0,"cells_raw":0,"read":"whole","date_system":"1900"}

{"sheet":"Данные","index":0,"n_rows":536,"n_cols":10,"rows_kept":536,"cut":false,"hidden":false,"merged":[[1,0,1,9]]}
[null,null,null,null,null,null,null,null,"Приложение №1"]
["Перечень актуальных и готовых к реализации невостребованных МТР"]
[]
["Наименование лота","Наименование ОГ","№ лота","№ позиции","Наименование неликвидных (НЛ) и невостребованных ликвидных (НВЛ) материалов","Ед. изм","Количество","Мин. цена реализации за ед., руб., без НДС ","Сумма, руб. без НДС","Место нахождения"]
["Детали закладные, кроштейны, муфты","ПАО АНК \"Башнефть\" \"Башнефть-Новойл\"",1,1,"Деталь закладная МН112-6 сер. 1.400-15","ШТ",1,143.55000000000001,{"$f":"G5*H5","v":143.55000000000001},"450045, г. Уфа, ПАО АНК \"Башнефть\" \"Башнефть-Новойл\""]
["Детали закладные, кроштейны, муфты","ПАО АНК \"Башнефть\" \"Башнефть-Новойл\"",1,2,"Деталь закладная МН12 И-38","ШТ",80,246.37,19709.599999999999,"450045, г. Уфа, ПАО АНК \"Башнефть\" \"Башнефть-Новойл\""]
["Детали закладные, кроштейны, муфты","ПАО АНК \"Башнефть\" \"Башнефть-Новойл\"",1,3,"Деталь закладная МН122-6 1.400-15","ШТ",1,304.7,304.7,"450045, г. Уфа, ПАО АНК \"Башнефть\" \"Башнефть-Новойл\""]
["Детали закладные, кроштейны, муфты","ПАО АНК \"Башнефть\" \"Башнефть-Новойл\"",1,4,"Деталь закладная МН15 черт. И-41","ШТ",4,246.37,985.48,"450045, г. Уфа, ПАО АНК \"Башнефть\" \"Башнефть-Новойл\""]
["Детали закладные, кроштейны, муфты","ПАО АНК \"Башнефть\" \"Башнефть-Новойл\"",1,5,"Деталь закладная МН158-5 сер. 1.400-15","ШТ",1,1365.23,1365.23,"450045, г. Уфа, ПАО АНК \"Башнефть\" \"Башнефть-Новойл\""]
["Детали закладные, кроштейны, муфты","ПАО АНК \"Башнефть\" \"Башнефть-Новойл\"",1,6,"Деталь закладная МН5 черт. И-03","ШТ",40,64.69,2587.6,"450045, г. Уфа, ПАО АНК \"Башнефть\" \"Башнефть-Новойл\""]
["Детали закладные, кроштейны, муфты","ПАО АНК \"Башнефть\" \"Башнефть-Новойл\"",1,7,"Деталь закладная МН5 черт. И-03","ШТ",40,177.88,7115.2,"450045, г. Уфа, ПАО АНК \"Башнефть\" \"Башнефть-Новойл\""]
["Детали закладные, кроштейны, муфты","ПАО АНК \"Башнефть\" \"Башнефть-Новойл\"",1,8,"Деталь закладная МН545-06","ШТ",1,111.91,111.91,"450045, г. Уфа, ПАО АНК \"Башнефть\" \"Башнефть-Новойл\""]
["Детали закладные, кроштейны, муфты","ПАО АНК \"Башнефть\" \"Башнефть-Новойл\"",1,9,"Деталь закладная МН553-1 сер. 1.400-15","ШТ",30,225.71,6771.3,"450045, г. Уфа, ПАО АНК \"Башнефть\" \"Башнефть-Новойл\""]
["Детали закладные, кроштейны, муфты","ПАО АНК \"Башнефть\" \"Башнефть-Новойл\"",1,10,"Деталь закладная МН553-1.5","ШТ",20,338.55,6771,"450045, г. Уфа, ПАО АНК \"Башнефть\" \"Башнефть-Новойл\""]
["Детали закладные, кроштейны, муфты","ПАО АНК \"Башнефть\" \"Башнефть-Новойл\"",1,11,"Деталь закладная МН7 И-05","ШТ",12,24.76,297.12,"450045, г. Уфа, ПАО АНК \"Башнефть\" \"Башнефть-Новойл\""]
["Детали закладные, кроштейны, муфты","ПАО АНК \"Башнефть\" \"Башнефть-Новойл\"",1,12,"Деталь закладная МН8 черт. И-05","ШТ",112,9.01,1009.12,"450045, г. Уфа, ПАО АНК \"Башнефть\" \"Башнефть-Новойл\""]
["Детали закладные, кроштейны, муфты","ПАО АНК \"Башнефть\" \"Башнефть-Новойл\"",1,13,"Деталь закладная МН9 черт. И-06","ШТ",38,152.79,5806.0199999999995,"450045, г. Уфа, ПАО АНК \"Башнефть\" \"Башнефть-Новойл\""]
["Детали закладные, кроштейны, муфты","ПАО АНК \"Башнефть\" \"Башнефть-Новойл\"",1,14,"Элемент доб. Д-2 1.450.3-7.94","ШТ",4,19.29,77.16,"450045, г. Уфа, ПАО АНК \"Башнефть\" \"Башнефть-Новойл\""]
["Детали закладные, кроштейны, муфты","ПАО АНК \"Башнефть\" \"Башнефть-Новойл\"",1,15,"Элемент доб. Д5Г-1 1.450.3-7.94","ШТ",2,37.11,74.22,"450045, г. Уфа, ПАО АНК \"Башнефть\" \"Башнефть-Новойл\""]
["Детали закладные, кроштейны, муфты","ПАО АНК \"Башнефть\" \"Башнефть-Новойл\"",1,16,"Элемент доб. Д5Г-1 1.450.3-7.94","ШТ",2,36.61,73.22,"450045, г. Уфа, ПАО АНК \"Башнефть\" \"Башнефть-Новойл\""]
["Детали закладные, кроштейны, муфты","ПАО АНК \"Башнефть\" \"Башнефть-Новойл\"",1,17,"Элемент доборный Д1Г-1","ШТ",16,29.82,477.12,"450045, г. Уфа, ПАО АНК \"Башнефть\" \"Башнефть-Новойл\""]
["Детали закладные, кроштейны, муфты","ПАО АНК \"Башнефть\" \"Башнефть-Новойл\"",1,18,"Элемент доборный Д1Г-1","ШТ",2,29.82,59.64,"450045, г. Уфа, ПАО АНК \"Башнефть\" \"Башнефть-Новойл\""]
["Детали закладные, кроштейны, муфты","ПАО АНК \"Башнефть\" \"Башнефть-Новойл\"",1,19,"Элемент доборный Д1Г-1","ШТ",24,29.82,715.68000000000006,"450045, г. Уфа, ПАО АНК \"Башнефть\" \"Башнефть-Новойл\""]
["Детали закладные, кроштейны, муфты","ПАО АНК \"Башнефть\" \"Башнефть-Новойл\"",1,20,"Элемент доборный Д1Г-1","ШТ",32,29.82,954.24,"450045, г. Уфа, ПАО АНК \"Башнефть\" \"Башнефть-Новойл\""]
["Детали закладные, кроштейны, муфты","ПАО АНК \"Башнефть\" \"Башнефть-Новойл\"",1,21,"Элемент доборный Д3Г-1","ШТ",4,28.82,115.28,"450045, г. Уфа, ПАО АНК \"Башнефть\" \"Башнефть-Новойл\""]
["Детали закладные, кроштейны, муфты","ПАО АНК \"Башнефть\" \"Башнефть-Новойл\"",1,22,"Элемент доборный Д3Г-1","ШТ",16,28.82,461.12,"450045, г. Уфа, ПАО АНК \"Башнефть\" \"Башнефть-Новойл\""]
["Детали закладные, кроштейны, муфты","ПАО АНК \"Башнефть\" \"Башнефть-Новойл\"",1,23,"Элемент доборный Д3Г-1","ШТ",70,28.82,2017.4,"450045, г. Уфа, ПАО АНК \"Башнефть\" \"Башнефть-Новойл\""]
["Детали закладные, кроштейны, муфты","ПАО АНК \"Башнефть\" \"Башнефть-Новойл\"",1,24,"Элемент доборный Д3Г-1","ШТ",4,28.82,115.28,"450045, г. Уфа, ПАО АНК \"Башнефть\" \"Башнефть-Новойл\""]
["Детали закладные, кроштейны, муфты","ПАО АНК \"Башнефть\" \"Башнефть-Новойл\"",1,25,"Элемент доборный Д3Г-1","ШТ",26,28.82,749.32,"450045, г. Уфа, ПАО АНК \"Башнефть\" \"Башнефть-Новойл\""]
["Детали закладные, кроштейны, муфты","ПАО АНК \"Башнефть\" \"Башнефть-Новойл\"",1,26,"Элемент доборный Д3Г-1","ШТ",62,28.82,1786.84,"450045, г. Уфа, ПАО АНК \"Башнефть\" \"Башнефть-Новойл\""]
["Детали закладные, кроштейны, муфты","ПАО АНК \"Башнефть\" \"Башнефть-Новойл\"",1,27,"Элемент доборный Д3Г-1","ШТ",16,28.82,461.12,"450045, г. Уфа, ПАО АНК \"Башнефть\" \"Башнефть-Новойл\""]
["Детали закладные, кроштейны, муфты","ПАО АНК \"Башнефть\" \"Башнефть-Новойл\"",1,28,"Кронштейн ч.4.2-163 ДМПК-100АМ","ШТ",73,391.64,28589.719999999998,"450045, г. Уфа, ПАО АНК \"Башнефть\" \"Башнефть-Новойл\""]
["Детали закладные, кроштейны, муфты","ПАО АНК \"Башнефть\" \"Башнефть-Новойл\"",1,29,"Кронштейн КП-58","ШТ",15,1934.75,29021.25,"450045, г. Уфа, ПАО АНК \"Башнефть\" \"Башнефть-Новойл\""]
["Детали закладные, кроштейны, муфты","ПАО АНК \"Башнефть\" \"Башнефть-Новойл\"",1,30,"Кронштейн КП-58","ШТ",2,1939.81,3879.62,"450045, г. Уфа, ПАО АНК \"Башнефть\" \"Башнефть-Новойл\""]
["Детали закладные, кроштейны, муфты","ПАО АНК \"Башнефть\" \"Башнефть-Новойл\"",1,31,"Кронштейн КП-58","ШТ",2,1939.81,3879.62,"450045, г. Уфа, ПАО АНК \"Башнефть\" \"Башнефть-Новойл\""]
["Детали закладные, кроштейны, муфты","ПАО АНК \"Башнефть\" \"Башнефть-Новойл\"",1,32,"Кронштейн КП-58","ШТ",4,2122.9,8491.6,"450045, г. Уфа, ПАО АНК \"Башнефть\" \"Башнефть-Новойл\""]
["Детали закладные, кроштейны, муфты","ПАО АНК \"Башнефть\" \"Башнефть-Новойл\"",1,33,"Кронштейн КП-58","ШТ",3,2053.09,6159.27,"450045, г. Уфа, ПАО АНК \"Башнефть\" \"Башнефть-Новойл\""]
["Детали закладные, кроштейны, муфты","ПАО АНК \"Башнефть\" \"Башнефть-Новойл\"",1,34,"Кронштейн КП-58","ШТ",2,1939.81,3879.62,"450045, г. Уфа, ПАО АНК \"Башнефть\" \"Башнефть-Новойл\""]
["Детали закладные, кроштейны, муфты","ПАО АНК \"Башнефть\" \"Башнефть-Новойл\"",1,35,"Кронштейн КП-58","ШТ",2,1939.81,3879.62,"450045, г. Уфа, ПАО АНК \"Башнефть\" \"Башнефть-Новойл\""]
["Детали закладные, кроштейны, муфты","ПАО АНК \"Башнефть\" \"Башнефть-Новойл\"",1,36,"Муфта перех.прив. ПП-04.200 Ст20","ШТ",18,79.180000000000007,1425.2400000000002,"450045, г. Уфа, ПАО АНК \"Башнефть\" \"Башнефть-Новойл\""]
["Детали закладные, кроштейны, муфты","ПАО АНК \"Башнефть\" \"Башнефть-Новойл\"",1,37,"Муфта ПП-02.200 Ст.20","ШТ",12,85.72,1028.6399999999999,"450045, г. Уфа, ПАО АНК \"Башнефть\" \"Башнефть-Новойл\""]
["Детали закладные, кроштейны, муфты","ПАО АНК \"Башнефть\" \"Башнефть-Новойл\"",1,38,"Муфта ПП-02.200 Ст.20","ШТ",10,85,850,"450045, г. Уфа, ПАО АНК \"Башнефть\" \"Башнефть-Новойл\""]
["Детали закладные, кроштейны, муфты","ПАО АНК \"Башнефть\" \"Башнефть-Новойл\"",1,39,"Муфта ПП-03.200 Ст.20","ШТ",24,109.3,2623.2,"450045, г. Уфа, ПАО АНК \"Башнефть\" \"Башнефть-Новойл\""]
["Детали закладные, кроштейны, муфты","ПАО АНК \"Башнефть\" \"Башнефть-Новойл\"",1,40,"Муфта ПП-03.200 Ст.20","ШТ",2,64.72,129.44,"450045, г. Уфа, ПАО АНК \"Башнефть\" \"Башнефть-Новойл\""]
["Детали закладные, кроштейны, муфты","ПАО АНК \"Башнефть\" \"Башнефть-Новойл\"",1,41,"Муфта ПП-03.200 Ст.20","ШТ",8,64.97,519.76,"450045, г. Уфа, ПАО АНК \"Башнефть\" \"Башнефть-Новойл\""]
["Детали закладные, кроштейны, муфты","ПАО АНК \"Башнефть\" \"Башнефть-Новойл\"",1,42,"Муфта соедин.привар. СП-02.200 Ст20","ШТ",1,51.65,51.65,"450045, г. Уфа, ПАО АНК \"Башнефть\" \"Башнефть-Новойл\""]
["Детали закладные, кроштейны, муфты","ПАО АНК \"Башнефть\" \"Башнефть-Новойл\"",1,43,"Муфта соедин.привар. СП-02.200 Ст20","ШТ",9,50.7,456.3,"450045, г. Уфа, ПАО АНК \"Башнефть\" \"Башнефть-Новойл\""]
["Детали закладные, кроштейны, муфты","ПАО АНК \"Башнефть\" \"Башнефть-Новойл\"",1,44,"Муфта соедин.приварСП-01.200 12Х18Н10Т","ШТ",20,253.58,5071.6000000000004,"450045, г. Уфа, ПАО АНК \"Башнефть\" \"Башнефть-Новойл\""]
["Детали закладные, кроштейны, муфты","ПАО АНК \"Башнефть\" \"Башнефть-Новойл\"",1,45,"Муфта соедин.приварСП-01.200 12Х18Н10Т","ШТ",14,146.32,2048.48,"450045, г. Уфа, ПАО АНК \"Башнефть\" \"Башнефть-Новойл\""]
["Детали закладные, кроштейны, муфты","ПАО АНК \"Башнефть\" \"Башнефть-Новойл\"",1,46,"Муфта СР-03.200 Ст.20","ШТ",43,85.34,3669.6200000000003,"450045, г. Уфа, ПАО АНК \"Башнефть\" \"Башнефть-Новойл\""]
["Детали закладные, кроштейны, муфты","ПАО АНК \"Башнефть\" \"Башнефть-Новойл\"",1,47,"Муфта СР-03.200 Ст.20","ШТ",30,83.78,2513.4,"450045, г. Уфа, ПАО АНК \"Башнефть\" \"Башнефть-Новойл\""]
["Детали закладные, кроштейны, муфты","ПАО АНК \"Башнефть\" \"Башнефть-Новойл\"",1,48,"Муфта СР-03.200 Ст.20","ШТ",3,82.15,246.45000000000002,"450045, г. Уфа, ПАО АНК \"Башнефть\" \"Башнефть-Новойл\""]
["Детали закладные, кроштейны, муфты","ПАО АНК \"Башнефть\" \"Башнефть-Новойл\"",1,49,"Муфта СР-03.200 Ст.20","ШТ",1,85.34,85.34,"450045, г. Уфа, ПАО АНК \"Башнефть\" \"Башнефть-Новойл\""]
["Детали закладные, кроштейны, муфты","ПАО АНК \"Башнефть\" \"Башнефть-Новойл\"",1,50,"Муфта стальная 40","ШТ",1,62.01,62.01,"450045, г. Уфа, ПАО АНК \"Башнефть\" \"Башнефть-Новойл\""]
["Детали закладные, кроштейны, муфты","ПАО АНК \"Башнефть\" \"Башнефть-Новойл\"",1,51,"Полумуфта ПМ-10-1 Ду=10 Ст20 ч.01-2009ТП","ШТ",3,28.62,85.86,"450045, г. Уфа, ПАО АНК \"Башнефть\" \"Башнефть-Новойл\""]
["Детали закладные, кроштейны, муфты","ПАО АНК \"Башнефть\" \"Башнефть-Новойл\"",1,52,"Полумуфта ПМ-15 20 05766528-У6.0612-3039","ШТ",4,112.93,451.72,"450045, г. Уфа, ПАО АНК \"Башнефть\" \"Башнефть-Новойл\""]
["Детали закладные, кроштейны, муфты","ПАО АНК \"Башнефть\" \"Башнефть-Новойл\"",1,53,"Полумуфта ПМ-15-1 Ду=15 20 пр.01-2009ТП","ШТ",8,62.02,496.16,"450045, г. Уфа, ПАО АНК \"Башнефть\" \"Башнефть-Новойл\""]
["Детали закладные, кроштейны, муфты","ПАО АНК \"Башнефть\" \"Башнефть-Новойл\"",1,54,"Полумуфта ПМ-15-1 Ду=15 20 пр.01-2009ТП","ШТ",3,556.37,1669.1100000000001,"450045, г. Уфа, ПАО АНК \"Башнефть\" \"Башнефть-Новойл\""]
["Детали закладные, кроштейны, муфты","ПАО АНК \"Башнефть\" \"Башнефть-Новойл\"",1,55,"Полумуфта ПМ-18 Ду=15 12Х18Н10Т 11-002-Т","ШТ",14,93.08,1303.1199999999999,"450045, г. Уфа, ПАО АНК \"Башнефть\" \"Башнефть-Новойл\""]
["Детали закладные, кроштейны, муфты","ПАО АНК \"Башнефть\" \"Башнефть-Новойл\"",1,56,"Полумуфта ПМ-18 Ду=15 20 11-002-Т","ШТ",146,26.7,3898.2,"450045, г. Уфа, ПАО АНК \"Башнефть\" \"Башнефть-Новойл\""]
["Детали закладные, кроштейны, муфты","ПАО АНК \"Башнефть\" \"Башнефть-Новойл\"",1,57,"Полумуфта ПМ-18 Ду=15 20 П-002-Т","ШТ",20,49.14,982.8,"450045, г. Уфа, ПАО АНК \"Башнефть\" \"Башнефть-Новойл\""]
["Детали закладные, кроштейны, муфты","ПАО АНК \"Башнефть\" \"Башнефть-Новойл\"",1,58,"Полумуфта ПМ-20-1 Ду=20 20 пр.01-2009ТП","ШТ",6,73.92,443.52,"450045, г. Уфа, ПАО АНК \"Башнефть\" \"Башнефть-Новойл\""]
["Детали закладные, кроштейны, муфты","ПАО АНК \"Башнефть\" \"Башнефть-Новойл\"",1,59,"Полумуфта ПМ-20-1 Ду=20 20 пр.01-2009ТП","ШТ",15,73.92,1108.8,"450045, г. Уфа, ПАО АНК \"Башнефть\" \"Башнефть-Новойл\""]
["Детали закладные, кроштейны, муфты","ПАО АНК \"Башнефть\" \"Башнефть-Новойл\"",1,60,"Полумуфта ПМ-20-1 Ду=20 20 пр.01-2009ТП","ШТ",3,73.92,221.76,"450045, г. Уфа, ПАО АНК \"Башнефть\" \"Башнефть-Новойл\""]
["Детали закладные, кроштейны, муфты","ПАО АНК \"Башнефть\" \"Башнефть-Новойл\"",1,61,"Полумуфта ПМ-20-1 Ду=20 20 пр.01-2009ТП","ШТ",1,73.92,73.92,"450045, г. Уфа, ПАО АНК \"Башнефть\" \"Башнефть-Новойл\""]
["Детали закладные, кроштейны, муфты","ПАО АНК \"Башнефть\" \"Башнефть-Новойл\"",1,62,"Полумуфта ПМ-20-1 Ду=20 20 пр.01-2009ТП","ШТ",1,73.92,73.92,"450045, г. Уфа, ПАО АНК \"Башнефть\" \"Башнефть-Новойл\""]
["Детали закладные, кроштейны, муфты","ПАО АНК \"Башнефть\" \"Башнефть-Новойл\"",1,63,"Полумуфта ПМ-25 Ду=20 12Х18Н10Т 11-002-Т","ШТ",21,127.01,2667.21,"450045, г. Уфа, ПАО АНК \"Башнефть\" \"Башнефть-Новойл\""]
["Детали закладные, кроштейны, муфты","ПАО АНК \"Башнефть\" \"Башнефть-Новойл\"",1,64,"Полумуфта ПМ-25 Ду=20 20 11-002-Т","ШТ",4,34.15,136.6,"450045, г. Уфа, ПАО АНК \"Башнефть\" \"Башнефть-Новойл\""]
["Детали закладные, кроштейны, муфты","ПАО АНК \"Башнефть\" \"Башнефть-Новойл\"",1,65,"Полумуфта ПМ-25 Ду=20 20 11-002-Т","ШТ",196,35.96,{"$f":"G69*H69","v":7048.16},"450045, г. Уфа, ПАО АНК \"Башнефть\" \"Башнефть-Новойл\""]
["Детали закладные, кроштейны, муфты","ПАО АНК \"Башнефть\" \"Башнефть-Новойл\"",1,66,"Полумуфта ПМ-25 Ду=20 20 П-002-Т","ШТ",3,56.29,168.87,"450045, г. Уфа, ПАО АНК \"Башнефть\" \"Башнефть-Новойл\""]
["Детали закладные, кроштейны, муфты","ПАО АНК \"Башнефть\" \"Башнефть-Новойл\"",1,67,"Полумуфта ПМ-25 Ст20","ШТ",6,142.28,853.68000000000006,"450045, г. Уфа, ПАО АНК \"Башнефть\" \"Башнефть-Новойл\""]
["Детали закладные, кроштейны, муфты","ПАО АНК \"Башнефть\" \"Башнефть-Новойл\"",1,68,"Полумуфта ПМ-25-3 Ч.01.2009ВО","ШТ",1,131.9,131.9,"450045, г. Уфа, ПАО АНК \"Башнефть\" \"Башнефть-Новойл\""]
["Детали закладные, кроштейны, муфты","ПАО АНК \"Башнефть\" \"Башнефть-Новойл\"",1,69,"Муфта ПП-02.200 Ст.20","ШТ",8,85.72,685.76,"450045, г. Уфа, ПАО АНК \"Башнефть\" \"Башнефть-Новойл\""]
["Детали закладные, кроштейны, муфты","ПАО АНК \"Башнефть\" \"Башнефть-Новойл\"",1,70,"Муфта ПП-02.200 Ст.20","ШТ",8,85,680,"450045, г. Уфа, ПАО АНК \"Башнефть\" \"Башнефть-Новойл\""]
["Детали закладные, кроштейны, муфты","ПАО АНК \"Башнефть\" \"Башнефть-Новойл\"",1,71,"Муфта ПП-02.200 Ст.20","ШТ",8,85,680,"450045, г. Уфа, ПАО АНК \"Башнефть\" \"Башнефть-Новойл\""]
["Детали закладные, кроштейны, муфты","ПАО АНК \"Башнефть\" \"Башнефть-Новойл\"",1,72,"Муфта ПП-02.200 Ст.20","ШТ",5,85,425,"450045, г. Уфа, ПАО АНК \"Башнефть\" \"Башнефть-Новойл\""]
["Детали закладные, кроштейны, муфты","ПАО АНК \"Башнефть\" \"Башнефть-Новойл\"",1,73,"Муфта ПП-02.200 Ст.20","ШТ",5,85,425,"450045, г. Уфа, ПАО АНК \"Башнефть\" \"Башнефть-Новойл\""]
["Детали закладные, кроштейны, муфты","ПАО АНК \"Башнефть\" \"Башнефть-Новойл\"",1,74,"Муфта ПП-02.200 Ст.20","ШТ",5,85,425,"450045, г. Уфа, ПАО АНК \"Башнефть\" \"Башнефть-Новойл\""]
["Детали закладные, кроштейны, муфты","ПАО АНК \"Башнефть\" \"Башнефть-Новойл\"",1,75,"Муфта ПП-02.200 Ст.20","ШТ",5,85,425,"450045, г. Уфа, ПАО АНК \"Башнефть\" \"Башнефть-Новойл\""]
["Детали закладные, кроштейны, муфты","ПАО АНК \"Башнефть\" \"Башнефть-Новойл\"",1,76,"Муфта ПП-02.200 Ст.20","ШТ",5,85,425,"450045, г. Уфа, ПАО АНК \"Башнефть\" \"Башнефть-Новойл\""]
["Детали закладные, кроштейны, муфты","ПАО АНК \"Башнефть\" \"Башнефть-Новойл\"",1,77,"Муфта ПП-02.200 Ст.20","ШТ",5,85,425,"450045, г. Уфа, ПАО АНК \"Башнефть\" \"Башнефть-Новойл\""]
["Детали закладные, кроштейны, муфты","ПАО АНК \"Башнефть\" \"Башнефть-Новойл\"",1,78,"Муфта ПП-02.200 Ст.20","ШТ",5,85,425,"450045, г. Уфа, ПАО АНК \"Башнефть\" \"Башнефть-Новойл\""]
["Детали закладные, кроштейны, муфты","ПАО АНК \"Башнефть\" \"Башнефть-Новойл\"",1,79,"Муфта ПП-02.200 Ст.20","ШТ",5,85,425,"450045, г. Уфа, ПАО АНК \"Башнефть\" \"Башнефть-Новойл\""]
["Детали закладные, кроштейны, муфты","ПАО АНК \"Башнефть\" \"Башнефть-Новойл\"",1,80,"Муфта ПП-02.200 Ст.20","ШТ",5,85,425,"450045, г. Уфа, ПАО АНК \"Башнефть\" \"Башнефть-Новойл\""]
["Детали закладные, кроштейны, муфты","ПАО АНК \"Башнефть\" \"Башнефть-Новойл\"",1,81,"Муфта ПП-02.200 Ст.20","ШТ",5,85,425,"450045, г. Уфа, ПАО АНК \"Башнефть\" \"Башнефть-Новойл\""]
["Детали закладные, кроштейны, муфты","ПАО АНК \"Башнефть\" \"Башнефть-Новойл\"",1,82,"Муфта ПП-02.200 Ст.20","ШТ",5,85,425,"450045, г. Уфа, ПАО АНК \"Башнефть\" \"Башнефть-Новойл\""]
["Детали закладные, кроштейны, муфты","ПАО АНК \"Башнефть\" \"Башнефть-Новойл\"",1,83,"Муфта ПП-02.200 Ст.20","ШТ",2,85,170,"450045, г. Уфа, ПАО АНК \"Башнефть\" \"Башнефть-Новойл\""]
["Детали закладные, кроштейны, муфты","ПАО АНК \"Башнефть\" \"Башнефть-Новойл\"",1,84,"Муфта ПП-02.200 Ст.20","ШТ",15,85,1275,"450045, г. Уфа, ПАО АНК \"Башнефть\" \"Башнефть-Новойл\""]
["Детали закладные, кроштейны, муфты","ПАО АНК \"Башнефть\" \"Башнефть-Новойл\"",1,85,"Муфта ПП-02.200 Ст.20","ШТ",10,85,850,"450045, г. Уфа, ПАО АНК \"Башнефть\" \"Башнефть-Новойл\""]
["Детали закладные, кроштейны, муфты","ПАО АНК \"Башнефть\" \"Башнефть-Новойл\"",1,86,"Муфта ПП-02.200 Ст.20","ШТ",10,85,850,"450045, г. Уфа, ПАО АНК \"Башнефть\" \"Башнефть-Новойл\""]
["Детали закладные, кроштейны, муфты","ПАО АНК \"Башнефть\" \"Башнефть-Новойл\"",1,87,"Муфта ПП-02.200 Ст.20","ШТ",10,85,850,"450045, г. Уфа, ПАО АНК \"Башнефть\" \"Башнефть-Новойл\""]
["Детали закладные, кроштейны, муфты","ПАО АНК \"Башнефть\" \"Башнефть-Новойл\"",1,88,"Муфта ПП-02.200 Ст.20","ШТ",10,85,850,"450045, г. Уфа, ПАО АНК \"Башнефть\" \"Башнефть-Новойл\""]
["Детали закладные, кроштейны, муфты","ПАО АНК \"Башнефть\" \"Башнефть-Новойл\"",1,89,"Муфта ПП-02.200 Ст.20","ШТ",10,85,850,"450045, г. Уфа, ПАО АНК \"Башнефть\" \"Башнефть-Новойл\""]
["Детали закладные, кроштейны, муфты","ПАО АНК \"Башнефть\" \"Башнефть-Новойл\"",1,90,"Муфта ПП-02.200 Ст.20","ШТ",5,85,425,"450045, г. Уфа, ПАО АНК \"Башнефть\" \"Башнефть-Новойл\""]
["Детали закладные, кроштейны, муфты","ПАО АНК \"Башнефть\" \"Башнефть-Новойл\"",1,91,"Муфта СР-03.200 Ст.20","ШТ",23,82.15,1889.45,"450045, г. Уфа, ПАО АНК \"Башнефть\" \"Башнефть-Новойл\""]
["Детали закладные, кроштейны, муфты","ПАО АНК \"Башнефть\" \"Башнефть-Новойл\"",1,92,"Муфта СР-03.200 Ст.20","ШТ",15,85.34,1280.1000000000001,"450045, г. Уфа, ПАО АНК \"Башнефть\" \"Башнефть-Новойл\""]
["Детали закладные, кроштейны, муфты","ПАО АНК \"Башнефть\" \"Башнефть-Новойл\"",1,93,"Полумуфта ПМ-18 Ду=15 12Х18Н10Т 11-002-Т","ШТ",17,93.08,1582.36,"450045, г. Уфа, ПАО АНК \"Башнефть\" \"Башнефть-Новойл\""]
["Детали закладные, кроштейны, муфты","ПАО АНК \"Башнефть\" \"Башнефть-Новойл\"",1,94,"Полумуфта ПМ-25 Ду=20 20 11-002-Т","ШТ",14,34.15,478.09999999999997,"450045, г. Уфа, ПАО АНК \"Башнефть\" \"Башнефть-Новойл\""]
["Камеры","ПАО АНК \"Башнефть\" \"Башнефть-Новойл\"",2,95,"Камера выносная КУВ-II-600-40-У6","ШТ",1,4517.6400000000003,4517.6400000000003,"450045, г. Уфа, ПАО АНК \"Башнефть\" \"Башнефть-Новойл\""]
["Камеры","ПАО АНК \"Башнефть\" \"Башнефть-Новойл\"",2,96,"Камера КУВ-II-1100-40-Ст20","ШТ",1,5395.89,5395.89,"450045, г. Уфа, ПАО АНК \"Башнефть\" \"Башнефть-Новойл\""]
["Камеры","ПАО АНК \"Башнефть\" \"Башнефть-Новойл\"",2,97,"Камера КУВ-II-1300-40-Ст20","ШТ",2,6361.64,12723.28,"450045, г. Уфа, ПАО АНК \"Башнефть\" \"Башнефть-Новойл\""]
["Камеры","ПАО АНК \"Башнефть\" \"Башнефть-Новойл\"",2,98,"Камера КУВ-II-1800-40-12Х18Н10Т","ШТ",1,36318.03,36318.03,"450045, г. Уфа, ПАО АНК \"Башнефть\" \"Башнефть-Новойл\""]
["Камеры","ПАО АНК \"Башнефть\" \"Башнефть-Новойл\"",2,99,"Камера КУВ-II-2400-40-Ст20","ШТ",1,10714.04,10714.04,"450045, г. Уфа, ПАО АНК \"Башнефть\" \"Башнефть-Новойл\""]
["Камеры","ПАО АНК \"Башнефть\" \"Башнефть-Новойл\"",2,100,"Камера КУВ-II-700-40-Ст20","ШТ",3,4565.92,13697.76,"450045, г. Уфа, ПАО АНК \"Башнефть\" \"Башнефть-Новойл\""]
["Камеры","ПАО АНК \"Башнефть\" \"Башнефть-Новойл\"",2,101,"Камера КУВ-II-700-40-Ст20","ШТ",1,4565.92,4565.92,"450045, г. Уфа, ПАО АНК \"Башнефть\" \"Башнефть-Новойл\""]
["Камеры","ПАО АНК \"Башнефть\" \"Башнефть-Новойл\"",2,102,"Камера расширительная РК-0.5","ШТ",1,24903.73,24903.73,"450045, г. Уфа, ПАО АНК \"Башнефть\" \"Башнефть-Новойл\""]
["Камеры","ПАО АНК \"Башнефть\" \"Башнефть-Новойл\"",2,103,"Камера уровнемера ТП Ст20","ШТ",2,9056.09,18112.18,"450045, г. Уфа, ПАО АНК \"Башнефть\" \"Башнефть-Новойл\""]
["Крепления трубопровода","ПАО АНК \"Башнефть\" \"Башнефть-Новойл\"",3,104,"Крепление К-1 Ст3пс","ШТ",4,3115.42,12461.68,"450045, г. Уфа, ПАО АНК \"Башнефть\" \"Башнефть-Новойл\""]
["Крепления трубопровода","ПАО АНК \"Башнефть\" \"Башнефть-Новойл\"",3,105,"Крепление ККЖ10-60-5Б","ШТ",6,2216.5300000000002,13299.18,"450045, г. Уфа, ПАО АНК \"Башнефть\" \"Башнефть-Новойл\""]
["Крепления трубопровода","ПАО АНК \"Башнефть\" \"Башнефть-Новойл\"",3,106,"Крепление ККЖ11-100-5Б","ШТ",1,3445.99,3445.99,"450045, г. Уфа, ПАО АНК \"Башнефть\" \"Башнефть-Новойл\""]
["Крепления трубопровода","ПАО АНК \"Башнефть\" \"Башнефть-Новойл\"",3,107,"Крепление ККЖ11-100-7Б","ШТ",1,4020.32,4020.32,"450045, г. Уфа, ПАО АНК \"Башнефть\" \"Башнефть-Новойл\""]
["Крепления трубопровода","ПАО АНК \"Башнефть\" \"Башнефть-Новойл\"",3,108,"Крепление ККЖ11-140-16Б","ШТ",1,7504.61,7504.61,"450045, г. Уфа, ПАО АНК \"Башнефть\" \"Башнефть-Новойл\""]
["Крепления трубопровода","ПАО АНК \"Башнефть\" \"Башнефть-Новойл\"",3,109,"Крепление ККЖ11-140-7Б","ШТ",1,4671.24,4671.24,"450045, г. Уфа, ПАО АНК \"Башнефть\" \"Башнефть-Новойл\""]
["Крепления трубопровода","ПАО АНК \"Башнефть\" \"Башнефть-Новойл\"",3,110,"Крепление ККЖ11-60-10Б","ШТ",2,4441.51,{"$f":"G114*H114","v":8883.02},"450045, г. Уфа, ПАО АНК \"Башнефть\" \"Башнефть-Новойл\""]
["Крепления трубопровода","ПАО АНК \"Башнефть\" \"Башнефть-Новойл\"",3,111,"Крепление ККЖ11-60-5Б","ШТ",9,551.36,4962.24,"450045, г. Уфа, ПАО АНК \"Башнефть\" \"Башнефть-Новойл\""]
["Крепления трубопровода","ПАО АНК \"Башнефть\" \"Башнефть-Новойл\"",3,112,"Крепление ККЖ11-80-10Б","ШТ",1,765.78,765.78,"450045, г. Уфа, ПАО АНК \"Башнефть\" \"Башнефть-Новойл\""]
["Крепления трубопровода","ПАО АНК \"Башнефть\" \"Башнефть-Новойл\"",3,113,"Крепление ККЖ1-40-12Б","ШТ",6,390.42,2342.52,"450045, г. Уфа, ПАО АНК \"Башнефть\" \"Башнефть-Новойл\""]
["Крепления трубопровода","ПАО АНК \"Башнефть\" \"Башнефть-Новойл\"",3,114,"Крепление ККЖ1-60-12Б","ШТ",1,546.96,546.96,"450045, г. Уфа, ПАО АНК \"Башнефть\" \"Башнефть-Новойл\""]
["Крепления трубопровода","ПАО АНК \"Башнефть\" \"Башнефть-Новойл\"",3,115,"Крепление ККЖ1-60-12Б","ШТ",4,533.30999999999995,2133.2399999999998,"450045, г. Уфа, ПАО АНК \"Башнефть\" \"Башнефть-Новойл\""]
["Крепления трубопровода","ПАО АНК \"Башнефть\" \"Башнефть-Новойл\"",3,116,"Крепление ККЖ1-80-12Б","ШТ",4,550.91999999999996,2203.6799999999998,"450045, г. Уфа, ПАО АНК \"Башнефть\" \"Башнефть-Новойл\""]
["Крепления трубопровода","ПАО АНК \"Башнефть\" \"Башнефть-Новойл\"",3,117,"Крепление ККЖ1-80-72Б","ШТ",2,1135.9000000000001,2271.8000000000002,"450045, г. Уфа, ПАО АНК \"Башнефть\" \"Башнефть-Новойл\""]
["Крепления трубопровода","ПАО АНК \"Башнефть\" \"Башнефть-Новойл\"",3,118,"Крепление ККЖ2-120-24Б","ШТ",4,885.11,3540.44,"450045, г. Уфа, ПАО АНК \"Башнефть\" \"Башнефть-Новойл\""]
["Крепления трубопровода","ПАО АНК \"Башнефть\" \"Башнефть-Новойл\"",3,119,"Крепление ККЖ2-40-6Б","ШТ",1,351.35,351.35,"450045, г. Уфа, ПАО АНК \"Башнефть\" \"Башнефть-Новойл\""]
["Крепления трубопровода","ПАО АНК \"Башнефть\" \"Башнефть-Новойл\"",3,120,"Крепление ККЖ2-40-6Б","ШТ",1,377.89,377.89,"450045, г. Уфа, ПАО АНК \"Башнефть\" \"Башнефть-Новойл\""]
["Крепления трубопровода","ПАО АНК \"Башнефть\" \"Башнефть-Новойл\"",3,121,"Крепление ККЖ6-60-5Б","ШТ",1,1282.27,1282.27,"450045, г. Уфа, ПАО АНК \"Башнефть\" \"Башнефть-Новойл\""]
["Крепления трубопровода","ПАО АНК \"Башнефть\" \"Башнефть-Новойл\"",3,122,"Крепление ККЖ9-100-10Б","ШТ",2,3279.44,6558.88,"450045, г. Уфа, ПАО АНК \"Башнефть\" \"Башнефть-Новойл\""]
["Крепления трубопровода","ПАО АНК \"Башнефть\" \"Башнефть-Новойл\"",3,123,"Крепление ККЖ9-60-10Б","ШТ",2,2748.6,5497.2,"450045, г. Уфа, ПАО АНК \"Башнефть\" \"Башнефть-Новойл\""]
["Крепления трубопровода","ПАО АНК \"Башнефть\" \"Башнефть-Новойл\"",3,124,"Крепление ККЖ9-80-10Б","ШТ",2,3001.41,6002.82,"450045, г. Уфа, ПАО АНК \"Башнефть\" \"Башнефть-Новойл\""]
["Крепления трубопровода","ПАО АНК \"Башнефть\" \"Башнефть-Новойл\"",3,125,"Крепление ККМ1-120-24Б","ШТ",1,680.85,680.85,"450045, г. Уфа, ПАО АНК \"Башнефть\" \"Башнефть-Новойл\""]
["Крепления трубопровода","ПАО АНК \"Башнефть\" \"Башнефть-Новойл\"",3,126,"Крепление ККМ1-120-48Б","ШТ",4,1060.95,4243.8,"450045, г. Уфа, ПАО АНК \"Башнефть\" \"Башнефть-Новойл\""]
["Крепления трубопровода","ПАО АНК \"Башнефть\" \"Башнефть-Новойл\"",3,127,"Крепление ККМ1-60-6Б","ШТ",4,276.08,1104.32,"450045, г. Уфа, ПАО АНК \"Башнефть\" \"Башнефть-Новойл\""]
["Крепления трубопровода","ПАО АНК \"Башнефть\" \"Башнефть-Новойл\"",3,128,"Крепление ККМ1-80-24Б","ШТ",7,402.65,2818.5499999999997,"450045, г. Уфа, ПАО АНК \"Башнефть\" \"Башнефть-Новойл\""]
["Крепления трубопровода","ПАО АНК \"Башнефть\" \"Башнефть-Новойл\"",3,129,"Крепление ККМ1-80-24Б","ШТ",41,551.44000000000005,22609.040000000001,"450045, г. Уфа, ПАО АНК \"Башнефть\" \"Башнефть-Новойл\""]
["Крепления трубопровода","ПАО АНК \"Башнефть\" \"Башнефть-Новойл\"",3,130,"Крепление КМП3-30-1Б","ШТ",2,331.92,663.84,"450045, г. Уфа, ПАО АНК \"Башнефть\" \"Башнефть-Новойл\""]
["Крепления трубопровода","ПАО АНК \"Башнефть\" \"Башнефть-Новойл\"",3,131,"Крепление КП1-115-24Б","ШТ",2,1466.94,2933.88,"450045, г. Уфа, ПАО АНК \"Башнефть\" \"Башнефть-Новойл\""]
["Крепления трубопровода","ПАО АНК \"Башнефть\" \"Башнефть-Новойл\"",3,132,"Крепление КП1-115-24Б","ШТ",1,41.58,41.58,"450045, г. Уфа, ПАО АНК \"Башнефть\" \"Башнефть-Новойл\""]
["Крепления трубопровода","ПАО АНК \"Башнефть\" \"Башнефть-Новойл\"",3,133,"Крепление КП1-115-24Б","ШТ",1,1512.02,1512.02,"450045, г. Уфа, ПАО АНК \"Башнефть\" \"Башнефть-Новойл\""]
["Крепления трубопровода","ПАО АНК \"Башнефть\" \"Башнефть-Новойл\"",3,134,"Крепление КП1-35-120Б","ШТ",2,700.89,1401.78,"450045, г. Уфа, ПАО АНК \"Башнефть\" \"Башнефть-Новойл\""]
["Крепления трубопровода","ПАО АНК \"Башнефть\" \"Башнефть-Новойл\"",3,135,"Крепление КП1-75-24","ШТ",1,1148.6600000000001,1148.6600000000001,"450045, г. Уфа, ПАО АНК \"Башнефть\" \"Башнефть-Новойл\""]
["Крепления трубопровода","ПАО АНК \"Башнефть\" \"Башнефть-Новойл\"",3,136,"Крепление КП1-95-120Б","ШТ",1,1354.04,1354.04,"450045, г. Уфа, ПАО АНК \"Башнефть\" \"Башнефть-Новойл\""]
["Крепления трубопровода","ПАО АНК \"Башнефть\" \"Башнефть-Новойл\"",3,137,"Крепление КП2-30-48","ШТ",11,185.51,2040.61,"450045, г. Уфа, ПАО АНК \"Башнефть\" \"Башнефть-Новойл\""]
["Крепления трубопровода","ПАО АНК \"Башнефть\" \"Башнефть-Новойл\"",3,138,"Крепление КП2-30-48","ШТ",2,178.05,356.1,"450045, г. Уфа, ПАО АНК \"Башнефть\" \"Башнефть-Новойл\""]
["Крепления трубопровода","ПАО АНК \"Башнефть\" \"Башнефть-Новойл\"",3,139,"Крепление КП2-30-48","ШТ",3,178.56,535.68000000000006,"450045, г. Уфа, ПАО АНК \"Башнефть\" \"Башнефть-Новойл\""]
["Крепления трубопровода","ПАО АНК \"Башнефть\" \"Башнефть-Новойл\"",3,140,"Крепление КП2-50-120","ШТ",3,306.89999999999998,920.69999999999993,"450045, г. Уфа, ПАО АНК \"Башнефть\" \"Башнефть-Новойл\""]
["Крепления трубопровода","ПАО АНК \"Башнефть\" \"Башнефть-Новойл\"",3,141,"Крепление КП2-50-84","ШТ",41,251.61,10316.01,"450045, г. Уфа, ПАО АНК \"Башнефть\" \"Башнефть-Новойл\""]
["Крепления трубопровода","ПАО АНК \"Башнефть\" \"Башнефть-Новойл\"",3,142,"Крепление КПМ1-35-24Б","ШТ",8,797.2,6377.6,"450045, г. Уфа, ПАО АНК \"Башнефть\" \"Башнефть-Новойл\""]
["Крепления трубопровода","ПАО АНК \"Башнефть\" \"Башнефть-Новойл\"",3,143,"Крепление КПМ1-40-3Б","ШТ",2,258.19,516.38,"450045, г. Уфа, ПАО АНК \"Башнефть\" \"Башнефть-Новойл\""]
["Крепления трубопровода","ПАО АНК \"Башнефть\" \"Башнефть-Новойл\"",3,144,"Крепление КПМ1-60-12Б","ШТ",1,624.15,624.15,"450045, г. Уфа, ПАО АНК \"Башнефть\" \"Башнефть-Новойл\""]
["Крепления трубопровода","ПАО АНК \"Башнефть\" \"Башнефть-Новойл\"",3,145,"Крепление КПМ1-60-6Б","ШТ",2,508.48,1016.96,"450045, г. Уфа, ПАО АНК \"Башнефть\" \"Башнефть-Новойл\""]
["Крепления трубопровода","ПАО АНК \"Башнефть\" \"Башнефть-Новойл\"",3,146,"Крепление КПМ1-80-12Б","ШТ",4,711.02,2844.08,"450045, г. Уфа, ПАО АНК \"Башнефть\" \"Башнефть-Новойл\""]
["Крепления трубопровода","ПАО АНК \"Башнефть\" \"Башнефть-Новойл\"",3,147,"Крепление КПМ2-100-120Б","ШТ",1,1019.41,1019.41,"450045, г. Уфа, ПАО АНК \"Башнефть\" \"Башнефть-Новойл\""]
["Крепления трубопровода","ПАО АНК \"Башнефть\" \"Башнефть-Новойл\"",3,148,"Крепление КПМ2-100-120Б","ШТ",1,1016.75,1016.75,"450045, г. Уфа, ПАО АНК \"Башнефть\" \"Башнефть-Новойл\""]
["Крепления трубопровода","ПАО АНК \"Башнефть\" \"Башнефть-Новойл\"",3,149,"Крепление КПМ2-100-72Б","ШТ",2,857.18,1714.36,"450045, г. Уфа, ПАО АНК \"Башнефть\" \"Башнефть-Новойл\""]
["Крепления трубопровода","ПАО АНК \"Башнефть\" \"Башнефть-Новойл\"",3,150,"Крепление КПМ2-100-72Б","ШТ",1,1023.99,1023.99,"450045, г. Уфа, ПАО АНК \"Башнефть\" \"Башнефть-Новойл\""]
["Крепления трубопровода","ПАО АНК \"Башнефть\" \"Башнефть-Новойл\"",3,151,"Крепление КПМ2-120-120Б","ШТ",1,1231.2,1231.2,"450045, г. Уфа, ПАО АНК \"Башнефть\" \"Башнефть-Новойл\""]
["Крепления трубопровода","ПАО АНК \"Башнефть\" \"Башнефть-Новойл\"",3,152,"Крепление КПМ2-120-24Б","ШТ",1,1089.8800000000001,1089.8800000000001,"450045, г. Уфа, ПАО АНК \"Башнефть\" \"Башнефть-Новойл\""]
["Крепления трубопровода","ПАО АНК \"Башнефть\" \"Башнефть-Новойл\"",3,153,"Крепление КПМ2-140-24Б","ШТ",1,1400.93,1400.93,"450045, г. Уфа, ПАО АНК \"Башнефть\" \"Башнефть-Новойл\""]
["Крепления трубопровода","ПАО АНК \"Башнефть\" \"Башнефть-Новойл\"",3,154,"Крепление КПМ2-20-48Б","ШТ",126,183.29,23094.539999999997,"450045, г. Уфа, ПАО АНК \"Башнефть\" \"Башнефть-Новойл\""]
["Крепления трубопровода","ПАО АНК \"Башнефть\" \"Башнефть-Новойл\"",3,155,"Крепление КПМ2-20-72","ШТ",4,275.72000000000003,1102.8800000000001,"450045, г. Уфа, ПАО АНК \"Башнефть\" \"Башнефть-Новойл\""]
["Крепления трубопровода","ПАО АНК \"Башнефть\" \"Башнефть-Новойл\"",3,156,"Крепление КПМ2-60-120Б","ШТ",2,474.79,949.58,"450045, г. Уфа, ПАО АНК \"Башнефть\" \"Башнефть-Новойл\""]
["Крепления трубопровода","ПАО АНК \"Башнефть\" \"Башнефть-Новойл\"",3,157,"Крепление КПМ2-80-120","ШТ",1,837.6,837.6,"450045, г. Уфа, ПАО АНК \"Башнефть\" \"Башнефть-Новойл\""]
["Крепления трубопровода","ПАО АНК \"Башнефть\" \"Башнефть-Новойл\"",3,158,"Крепление КПМ2-80-24Б","ШТ",2,522.6,1045.2,"450045, г. Уфа, ПАО АНК \"Башнефть\" \"Башнефть-Новойл\""]
["Крепления трубопровода","ПАО АНК \"Башнефть\" \"Башнефть-Новойл\"",3,159,"Крепление КПМ2-80-24Б","ШТ",5,515.17999999999995,2575.8999999999996,"450045, г. Уфа, ПАО АНК \"Башнефть\" \"Башнефть-Новойл\""]
["Крепления трубопровода","ПАО АНК \"Башнефть\" \"Башнефть-Новойл\"",3,160,"Крепление КПМ3-30-33Б","ШТ",3,940.63,2821.89,"450045, г. Уфа, ПАО АНК \"Башнефть\" \"Башнефть-Новойл\""]
["Крепления трубопровода","ПАО АНК \"Башнефть\" \"Башнефть-Новойл\"",3,161,"Крепление КПМ3-30-33Б","ШТ",3,1022.83,3068.4900000000002,"450045, г. Уфа, ПАО АНК \"Башнефть\" \"Башнефть-Новойл\""]
["Крепления трубопровода","ПАО АНК \"Башнефть\" \"Башнефть-Новойл\"",3,162,"Крепление КПМ3-40-33Б","ШТ",1,1160.83,1160.83,"450045, г. Уфа, ПАО АНК \"Башнефть\" \"Башнефть-Новойл\""]
["Крепления трубопровода","ПАО АНК \"Башнефть\" \"Башнефть-Новойл\"",3,163,"Крепление КПМ3-50-4Б","ШТ",7,605.32000000000005,4237.2400000000007,"450045, г. Уфа, ПАО АНК \"Башнефть\" \"Башнефть-Новойл\""]
["Крепления трубопровода","ПАО АНК \"Башнефть\" \"Башнефть-Новойл\"",3,164,"Крепление КПМ5-100-24Б","ШТ",4,446.26,1785.04,"450045, г. Уфа, ПАО АНК \"Башнефть\" \"Башнефть-Новойл\""]
["Крепления трубопровода","ПАО АНК \"Башнефть\" \"Башнефть-Новойл\"",3,165,"Крепление КПМ5-40-60Б","ШТ",1,445.48,445.48,"450045, г. Уфа, ПАО АНК \"Башнефть\" \"Башнефть-Новойл\""]
["Крепления трубопровода","ПАО АНК \"Башнефть\" \"Башнефть-Новойл\"",3,166,"Крепление КПМ5-80-24Б","ШТ",1,336.45,336.45,"450045, г. Уфа, ПАО АНК \"Башнефть\" \"Башнефть-Новойл\""]
["Крепления трубопровода","ПАО АНК \"Башнефть\" \"Башнефть-Новойл\"",3,167,"Крепление КРП-2Б","ШТ",1,1257.73,1257.73,"450045, г. Уфа, ПАО АНК \"Башнефть\" \"Башнефть-Новойл\""]
["Крепления трубопровода","ПАО АНК \"Башнефть\" \"Башнефть-Новойл\"",3,168,"Крепление КСК2-40-6Б","ШТ",3,467.51,1402.53,"450045, г. Уфа, ПАО АНК \"Башнефть\" \"Башнефть-Новойл\""]
["Крепления трубопровода","ПАО АНК \"Башнефть\" \"Башнефть-Новойл\"",3,169,"Крепление КСК2-60-24Б","ШТ",1,813.07,813.07,"450045, г. Уфа, ПАО АНК \"Башнефть\" \"Башнефть-Новойл\""]
["Крепления трубопровода","ПАО АНК \"Башнефть\" \"Башнефть-Новойл\"",3,170,"Крепление ч.0312.39.00.000-10 СБ","ШТ",2,137.84,275.68,"450045, г. Уфа, ПАО АНК \"Башнефть\" \"Башнефть-Новойл\""]
["Крепления трубопровода","ПАО АНК \"Башнефть\" \"Башнефть-Новойл\"",3,171,"Крепление трубопровода ККЖ2-40-3Б","ШТ",1,154.01,154.01,"450045, г. Уфа, ПАО АНК \"Башнефть\" \"Башнефть-Новойл\""]
["Крепления трубопровода","ПАО АНК \"Башнефть\" \"Башнефть-Новойл\"",3,172,"Крепление трубопровода ККМ1-100-24Б","ШТ",1,886.68,886.68,"450045, г. Уфа, ПАО АНК \"Башнефть\" \"Башнефть-Новойл\""]
["Крепления трубопровода","ПАО АНК \"Башнефть\" \"Башнефть-Новойл\"",3,173,"Крепление трубопровода ККМ1-100-48Б","ШТ",2,813.14,1626.28,"450045, г. Уфа, ПАО АНК \"Башнефть\" \"Башнефть-Новойл\""]
["Крепления трубопровода","ПАО АНК \"Башнефть\" \"Башнефть-Новойл\"",3,174,"Крепление трубопровода ККМ1-60-12Б","ШТ",2,337.52,{"$f":"G178*H178","v":675.04},"450045, г. Уфа, ПАО АНК \"Башнефть\" \"Башнефть-Новойл\""]
["Крепления трубопровода","ПАО АНК \"Башнефть\" \"Башнефть-Новойл\"",3,175,"Крепление трубопровода ККМ1-80-36Б","ШТ",4,779.84,3119.36,"450045, г. Уфа, ПАО АНК \"Башнефть\" \"Башнефть-Новойл\""]
["Крепления трубопровода","ПАО АНК \"Башнефть\" \"Башнефть-Новойл\"",3,176,"Крепление трубопровода КП1-135-72Б","ШТ",1,1395.31,1395.31,"450045, г. Уфа, ПАО АНК \"Башнефть\" \"Башнефть-Новойл\""]
["Крепления трубопровода","ПАО АНК \"Башнефть\" \"Башнефть-Новойл\"",3,177,"Крепление трубопровода КП1-135-72Б","ШТ",1,1734.37,1734.37,"450045, г. Уфа, ПАО АНК \"Башнефть\" \"Башнефть-Новойл\""]
["Крепления трубопровода","ПАО АНК \"Башнефть\" \"Башнефть-Новойл\"",3,178,"Крепление трубопровода КП1-175-24Б","ШТ",10,3193.29,31932.9,"450045, г. Уфа, ПАО АНК \"Башнефть\" \"Башнефть-Новойл\""]
["Крепления трубопровода","ПАО АНК \"Башнефть\" \"Башнефть-Новойл\"",3,179,"Крепление трубопровода КП2-20-48","ШТ",13,176.09,2289.17,"450045, г. Уфа, ПАО АНК \"Башнефть\" \"Башнефть-Новойл\""]
["Крепления трубопровода","ПАО АНК \"Башнефть\" \"Башнефть-Новойл\"",3,180,"Крепление трубопровода КП2-20-48","ШТ",2,171.4,342.8,"450045, г. Уфа, ПАО АНК \"Башнефть\" \"Башнефть-Новойл\""]
["Крепления трубопровода","ПАО АНК \"Башнефть\" \"Башнефть-Новойл\"",3,181,"Крепление трубопровода КП2-20-48","ШТ",1,176.09,176.09,"450045, г. Уфа, ПАО АНК \"Башнефть\" \"Башнефть-Новойл\""]
["Крепления трубопровода","ПАО АНК \"Башнефть\" \"Башнефть-Новойл\"",3,182,"Крепление трубопровода КП2-20-48","ШТ",19,284.93,5413.67,"450045, г. Уфа, ПАО АНК \"Башнефть\" \"Башнефть-Новойл\""]
["Крепления трубопровода","ПАО АНК \"Башнефть\" \"Башнефть-Новойл\"",3,183,"Крепление трубопровода КП2-40-48","ШТ",1,183.44,183.44,"450045, г. Уфа, ПАО АНК \"Башнефть\" \"Башнефть-Новойл\""]
["Крепления трубопровода","ПАО АНК \"Башнефть\" \"Башнефть-Новойл\"",3,184,"Крепление трубопровода КП2-40-48","ШТ",1,178.53,178.53,"450045, г. Уфа, ПАО АНК \"Башнефть\" \"Башнефть-Новойл\""]
["Крепления трубопровода","ПАО АНК \"Башнефть\" \"Башнефть-Новойл\"",3,185,"Крепление трубопровода КП2-40-84","ШТ",2,250.28,500.56,"450045, г. Уфа, ПАО АНК \"Башнефть\" \"Башнефть-Новойл\""]
["Крепления трубопровода","ПАО АНК \"Башнефть\" \"Башнефть-Новойл\"",3,186,"Крепление трубопровода КПМ2-180-72Б","ШТ",2,1747.76,3495.52,"450045, г. Уфа, ПАО АНК \"Башнефть\" \"Башнефть-Новойл\""]
["Крепления трубопровода","ПАО АНК \"Башнефть\" \"Башнефть-Новойл\"",3,187,"Крепление трубопровода КПМ2-20-120Б","ШТ",5,313.57,1567.85,"450045, г. Уфа, ПАО АНК \"Башнефть\" \"Башнефть-Новойл\""]
["Крепления трубопровода","ПАО АНК \"Башнефть\" \"Башнефть-Новойл\"",3,188,"Крепление трубопровода КПМ2-20-24Б","ШТ",12,213.11,2557.3200000000002,"450045, г. Уфа, ПАО АНК \"Башнефть\" \"Башнефть-Новойл\""]
["Крепления трубопровода","ПАО АНК \"Башнефть\" \"Башнефть-Новойл\"",3,189,"Крепление трубопровода КПМ2-20-24Б","ШТ",4,204.56,818.24,"450045, г. Уфа, ПАО АНК \"Башнефть\" \"Башнефть-Новойл\""]
["Крепления трубопровода","ПАО АНК \"Башнефть\" \"Башнефть-Новойл\"",3,190,"Крепление трубопровода КПМ2-20-72Б","ШТ",6,229.57,1377.42,"450045, г. Уфа, ПАО АНК \"Башнефть\" \"Башнефть-Новойл\""]
["Крепления трубопровода","ПАО АНК \"Башнефть\" \"Башнефть-Новойл\"",3,191,"Крепление трубопровода КПМ2-40-72Б","ШТ",1,396.91,396.91,"450045, г. Уфа, ПАО АНК \"Башнефть\" \"Башнефть-Новойл\""]
["Крепления трубопровода","ПАО АНК \"Башнефть\" \"Башнефть-Новойл\"",3,192,"Крепление трубопровода КПМ2-60-24Б","ШТ",3,498.13,1494.3899999999999,"450045, г. Уфа, ПАО АНК \"Башнефть\" \"Башнефть-Новойл\""]
["Крепления трубопровода","ПАО АНК \"Башнефть\" \"Башнефть-Новойл\"",3,193,"Крепление трубопровода КПМ2-60-24Б","ШТ",2,418.03,836.06,"450045, г. Уфа, ПАО АНК \"Башнефть\" \"Башнефть-Новойл\""]
["Крепления трубопровода","ПАО АНК \"Башнефть\" \"Башнефть-Новойл\"",3,194,"Крепление трубопровода КПМ2-60-24Б","ШТ",1,498.14,498.14,"450045, г. Уфа, ПАО АНК \"Башнефть\" \"Башнефть-Новойл\""]
["Крепления трубопровода","ПАО АНК \"Башнефть\" \"Башнефть-Новойл\"",3,195,"Крепление трубопровода КПМ2-60-72Б","ШТ",2,452.17,904.34,"450045, г. Уфа, ПАО АНК \"Башнефть\" \"Башнефть-Новойл\""]
["Крепления трубопровода","ПАО АНК \"Башнефть\" \"Башнефть-Новойл\"",3,196,"Крепление трубопровода КПМ2-60-72Б","ШТ",1,445.74,445.74,"450045, г. Уфа, ПАО АНК \"Башнефть\" \"Башнефть-Новойл\""]
["Крепления трубопровода","ПАО АНК \"Башнефть\" \"Башнефть-Новойл\"",3,197,"Крепление трубопровода КПМ3-30-4Б","ШТ",6,439.72,2638.32,"450045, г. Уфа, ПАО АНК \"Башнефть\" \"Башнефть-Новойл\""]
["Крепления трубопровода","ПАО АНК \"Башнефть\" \"Башнефть-Новойл\"",3,198,"Крепление трубопровода КПМ3-30-4Б","ШТ",10,524.75,5247.5,"450045, г. Уфа, ПАО АНК \"Башнефть\" \"Башнефть-Новойл\""]
["Крепления трубопровода","ПАО АНК \"Башнефть\" \"Башнефть-Новойл\"",3,199,"Крепление трубопровода КПМ3-40-4Б","ШТ",4,563.96,2255.84,"450045, г. Уфа, ПАО АНК \"Башнефть\" \"Башнефть-Новойл\""]
["Крепления трубопровода","ПАО АНК \"Башнефть\" \"Башнефть-Новойл\"",3,200,"Крепление трубопровода КПМ3-40-4Б","ШТ",1,536.9,536.9,"450045, г. Уфа, ПАО АНК \"Башнефть\" \"Башнефть-Новойл\""]
["Крепления трубопровода","ПАО АНК \"Башнефть\" \"Башнефть-Новойл\"",3,201,"Крепление трубопровода КПМ3-50-16Б","ШТ",3,1263.53,3790.59,"450045, г. Уфа, ПАО АНК \"Башнефть\" \"Башнефть-Новойл\""]
["Крепления трубопровода","ПАО АНК \"Башнефть\" \"Башнефть-Новойл\"",3,202,"Крепление трубопровода КПМ3-50-33Б","ШТ",1,1199.99,1199.99,"450045, г. Уфа, ПАО АНК \"Башнефть\" \"Башнефть-Новойл\""]
["Крепления трубопровода","ПАО АНК \"Башнефть\" \"Башнефть-Новойл\"",3,203,"Крепление трубопровода КПМ5-20-24Б","ШТ",1,178.72,178.72,"450045, г. Уфа, ПАО АНК \"Башнефть\" \"Башнефть-Новойл\""]
["Крепления трубопровода","ПАО АНК \"Башнефть\" \"Башнефть-Новойл\"",3,204,"Крепление трубопровода КПМ6-60-24Б","ШТ",6,330.77,1984.62,"450045, г. Уфа, ПАО АНК \"Башнефть\" \"Башнефть-Новойл\""]
["Крепления трубопровода","ПАО АНК \"Башнефть\" \"Башнефть-Новойл\"",3,205,"Крепление трубопровода КПМ6-60-60Б","ШТ",3,788.75,2366.25,"450045, г. Уфа, ПАО АНК \"Башнефть\" \"Башнефть-Новойл\""]
["Крепления трубопровода","ПАО АНК \"Башнефть\" \"Башнефть-Новойл\"",3,206,"Крепление трубопровода КП2-20-48","ШТ",10,176.09,1760.9,"450045, г. Уфа, ПАО АНК \"Башнефть\" \"Башнефть-Новойл\""]
["Накладки","ПАО АНК \"Башнефть\" \"Башнефть-Новойл\"",4,207,"Накладка Ду400 08Х18Н10Т","ШТ",1,34983.56,34983.56,"450045, г. Уфа, ПАО АНК \"Башнефть\" \"Башнефть-Новойл\""]
["Накладки","ПАО АНК \"Башнефть\" \"Башнефть-Новойл\"",4,208,"Накладка Ду400 Ст20 М-09-20","ШТ",3,12692.99,38078.97,"450045, г. Уфа, ПАО АНК \"Башнефть\" \"Башнефть-Новойл\""]
["Накладки","ПАО АНК \"Башнефть\" \"Башнефть-Новойл\"",4,209,"Накладка Ду400 Ст20 М-09-20","ШТ",3,12398.09,37194.270000000004,"450045, г. Уфа, ПАО АНК \"Башнефть\" \"Башнефть-Новойл\""]
["Накладки","ПАО АНК \"Башнефть\" \"Башнефть-Новойл\"",4,210,"Накладка Ду400 Ст20 М-09-20","ШТ",3,13443.92,40331.760000000002,"450045, г. Уфа, ПАО АНК \"Башнефть\" \"Башнефть-Новойл\""]
["Накладки","ПАО АНК \"Башнефть\" \"Башнефть-Новойл\"",4,211,"Накладка Ду500 08Х18Н10Т","ШТ",1,78713.02,78713.02,"450045, г. Уфа, ПАО АНК \"Башнефть\" \"Башнефть-Новойл\""]
["Накладки","ПАО АНК \"Башнефть\" \"Башнефть-Новойл\"",4,212,"Накладка Ду500 08Х18Н10Т","ШТ",2,87458.91,174917.82,"450045, г. Уфа, ПАО АНК \"Башнефть\" \"Башнефть-Новойл\""]
["Ниппель, штуцер, патрубки","ПАО АНК \"Башнефть\" \"Башнефть-Новойл\"",5,213,"Ниппель H-R 1/2 У3","ШТ",2,403.63,807.26,"450045, г. Уфа, ПАО АНК \"Башнефть\" \"Башнефть-Новойл\""]
["Ниппель, штуцер, патрубки","ПАО АНК \"Башнефть\" \"Башнефть-Новойл\"",5,214,"Ниппель H-R1/2 12Х18Н10Т","ШТ",5,146.62,733.1,"450045, г. Уфа, ПАО АНК \"Башнефть\" \"Башнефть-Новойл\""]
["Ниппель, штуцер, патрубки","ПАО АНК \"Башнефть\" \"Башнефть-Новойл\"",5,215,"Ниппель НПП-02.200 Ст20","ШТ",3,259.5,778.5,"450045, г. Уфа, ПАО АНК \"Башнефть\" \"Башнефть-Новойл\""]
["Ниппель, штуцер, патрубки","ПАО АНК \"Башнефть\" \"Башнефть-Новойл\"",5,216,"Ниппель НПП-02.200 Ст20","ШТ",11,399.14,4390.54,"450045, г. Уфа, ПАО АНК \"Башнефть\" \"Башнефть-Новойл\""]
["Ниппель, штуцер, патрубки","ПАО АНК \"Башнефть\" \"Башнефть-Новойл\"",5,217,"Ниппель НПП-03.200 Ст20","ШТ",30,396.69,11900.7,"450045, г. Уфа, ПАО АНК \"Башнефть\" \"Башнефть-Новойл\""]
["Ниппель, штуцер, патрубки","ПАО АНК \"Башнефть\" \"Башнефть-Новойл\"",5,218,"Ниппель НПП-03.200 Ст20","ШТ",30,391.34,11740.199999999999,"450045, г. Уфа, ПАО АНК \"Башнефть\" \"Башнефть-Новойл\""]
["Ниппель, штуцер, патрубки","ПАО АНК \"Башнефть\" \"Башнефть-Новойл\"",5,219,"Ниппель НРП-03.200 Ст20","ШТ",6,391.34,2348.04,"450045, г. Уфа, ПАО АНК \"Башнефть\" \"Башнефть-Новойл\""]
["Ниппель, штуцер, патрубки","ПАО АНК \"Башнефть\" \"Башнефть-Новойл\"",5,220,"Ниппель прив.с проклНПП-02.200 12Х18Н10Т","ШТ",20,980.57,19611.400000000001,"450045, г. Уфа, ПАО АНК \"Башнефть\" \"Башнефть-Новойл\""]
["Ниппель, штуцер, патрубки","ПАО АНК \"Башнефть\" \"Башнефть-Новойл\"",5,221,"Ниппель привар.с прокл. НПП-01.200 Ст20","ШТ",20,236.23,4724.5999999999995,"450045, г. Уфа, ПАО АНК \"Башнефть\" \"Башнефть-Новойл\""]
["Ниппель, штуцер, патрубки","ПАО АНК \"Башнефть\" \"Башнефть-Новойл\"",5,222,"Ниппель привар.с прокл. НПП-04.200 Ст20","ШТ",35,489.18,17121.3,"450045, г. Уфа, ПАО АНК \"Башнефть\" \"Башнефть-Новойл\""]
["Ниппель, штуцер, патрубки","ПАО АНК \"Башнефть\" \"Башнефть-Новойл\"",5,223,"Ниппель приварной НП-01.200 Ст20","ШТ",10,236.23,2362.2999999999997,"450045, г. Уфа, ПАО АНК \"Башнефть\" \"Башнефть-Новойл\""]
["Ниппель, штуцер, патрубки","ПАО АНК \"Башнефть\" \"Башнефть-Новойл\"",5,224,"Ниппель приварной НП-03.200 Ст20","ШТ",36,396.69,14280.84,"450045, г. Уфа, ПАО АНК \"Башнефть\" \"Башнефть-Новойл\""]
["Ниппель, штуцер, патрубки","ПАО АНК \"Башнефть\" \"Башнефть-Новойл\"",5,225,"Ниппель приварной НП-04.200 Ст20","ШТ",20,494.74,9894.7999999999993,"450045, г. Уфа, ПАО АНК \"Башнефть\" \"Башнефть-Новойл\""]
["Ниппель, штуцер, патрубки","ПАО АНК \"Башнефть\" \"Башнефть-Новойл\"",5,226,"Ниппель резьб.с прокл. НРП-02.200 Ст20","ШТ",17,294.2,5001.3999999999996,"450045, г. Уфа, ПАО АНК \"Башнефть\" \"Башнефть-Новойл\""]
["Ниппель, штуцер, патрубки","ПАО АНК \"Башнефть\" \"Башнефть-Новойл\"",5,227,"Ниппель резьб.с прокл. НРП-04.200 Ст20","ШТ",36,489.18,17610.48,"450045, г. Уфа, ПАО АНК \"Башнефть\" \"Башнефть-Новойл\""]
["Ниппель, штуцер, патрубки","ПАО АНК \"Башнефть\" \"Башнефть-Новойл\"",5,228,"Патрубок 05766528-0002-16/1-АМ-02.00.001","ШТ",2,1018.79,2037.58,"450045, г. Уфа, ПАО АНК \"Башнефть\" \"Башнефть-Новойл\""]
["Ниппель, штуцер, патрубки","ПАО АНК \"Башнефть\" \"Башнефть-Новойл\"",5,229,"Патрубок 57х300 Ст20","ШТ",2,922.37,1844.74,"450045, г. Уфа, ПАО АНК \"Башнефть\" \"Башнефть-Новойл\""]
["Ниппель, штуцер, патрубки","ПАО АНК \"Башнефть\" \"Башнефть-Новойл\"",5,230,"Патрубок Ду1/4\" 09Г2С","ШТ",1,100.73,100.73,"450045, г. Уфа, ПАО АНК \"Башнефть\" \"Башнефть-Новойл\""]
["Ниппель, штуцер, патрубки","ПАО АНК \"Башнефть\" \"Башнефть-Новойл\"",5,231,"Патрубок Ду15 06ХН28МДТ","ШТ",12,3811.97,45743.64,"450045, г. Уфа, ПАО АНК \"Башнефть\" \"Башнефть-Новойл\""]
["Ниппель, штуцер, патрубки","ПАО АНК \"Башнефть\" \"Башнефть-Новойл\"",5,232,"Патрубок Ду15 08Х18Н10Т Ч.М-10-52","ШТ",1,121.95,121.95,"450045, г. Уфа, ПАО АНК \"Башнефть\" \"Башнефть-Новойл\""]
["Ниппель, штуцер, патрубки","ПАО АНК \"Башнефть\" \"Башнефть-Новойл\"",5,233,"Патрубок Ду15 12Х18Н10Т М-05-32-03","ШТ",1,105.65,105.65,"450045, г. Уфа, ПАО АНК \"Башнефть\" \"Башнефть-Новойл\""]
["Ниппель, штуцер, патрубки","ПАО АНК \"Башнефть\" \"Башнефть-Новойл\"",5,234,"Патрубок Ду20 007.16-757-М2","ШТ",1,1916.96,1916.96,"450045, г. Уфа, ПАО АНК \"Башнефть\" \"Башнефть-Новойл\""]
["Ниппель, штуцер, патрубки","ПАО АНК \"Башнефть\" \"Башнефть-Новойл\"",5,235,"Патрубок Ду25 007.16-757-М1","ШТ",1,1916.96,1916.96,"450045, г. Уфа, ПАО АНК \"Башнефть\" \"Башнефть-Новойл\""]
["Ниппель, штуцер, патрубки","ПАО АНК \"Башнефть\" \"Башнефть-Новойл\"",5,236,"Патрубок точеный Ду15 Ру100 20 чертеж","ШТ",7,85.58,599.05999999999995,"450045, г. Уфа, ПАО АНК \"Башнефть\" \"Башнефть-Новойл\""]
["Ниппель, штуцер, патрубки","ПАО АНК \"Башнефть\" \"Башнефть-Новойл\"",5,237,"Патрубок точеный Ду15 Ру100 20 чертеж","ШТ",5,226.17,1130.8499999999999,"450045, г. Уфа, ПАО АНК \"Башнефть\" \"Башнефть-Новойл\""]
["Ниппель, штуцер, патрубки","ПАО АНК \"Башнефть\" \"Башнефть-Новойл\"",5,238,"Патрубок точеный Ду15 Ру100 20 чертеж","ШТ",5,80.14,{"$f":"G242*H242","v":400.7},"450045, г. Уфа, ПАО АНК \"Башнефть\" \"Башнефть-Новойл\""]
["Ниппель, штуцер, патрубки","ПАО АНК \"Башнефть\" \"Башнефть-Новойл\"",5,239,"Патрубок точеный Ду25 Ру100 20 чертеж","ШТ",2,171.16,342.32,"450045, г. Уфа, ПАО АНК \"Башнефть\" \"Башнефть-Новойл\""]
["Ниппель, штуцер, патрубки","ПАО АНК \"Башнефть\" \"Башнефть-Новойл\"",5,240,"Патрубок точеный Ду25 Ру100 20 чертеж","ШТ",2,227.06,454.12,"450045, г. Уфа, ПАО АНК \"Башнефть\" \"Башнефть-Новойл\""]
["Ниппель, штуцер, патрубки","ПАО АНК \"Башнефть\" \"Башнефть-Новойл\"",5,241,"Патрубок точеный Ду25 Ру100 20 чертеж","ШТ",2,138.02000000000001,276.04000000000002,"450045, г. Уфа, ПАО АНК \"Башнефть\" \"Башнефть-Новойл\""]
["Ниппель, штуцер, патрубки","ПАО АНК \"Башнефть\" \"Башнефть-Новойл\"",5,242,"Штуцер МКК 12Х18Н10Т ч.0042.01.02.000СБ","ШТ",2,45689.06,91378.12,"450045, г. Уфа, ПАО АНК \"Башнефть\" \"Башнефть-Новойл\""]
["Ниппель, штуцер, патрубки","ПАО АНК \"Башнефть\" \"Башнефть-Новойл\"",5,243,"Штуцер Ш-K1/4 Ст20","ШТ",400,21.65,8660,"450045, г. Уфа, ПАО АНК \"Башнефть\" \"Башнефть-Новойл\""]
["Ниппель, штуцер, патрубки","ПАО АНК \"Башнефть\" \"Башнефть-Новойл\"",5,244,"Штуцер Ш-K1/8 Ст20","ШТ",30,19.98,599.4,"450045, г. Уфа, ПАО АНК \"Башнефть\" \"Башнефть-Новойл\""]
["Ниппель, штуцер, патрубки","ПАО АНК \"Башнефть\" \"Башнефть-Новойл\"",5,245,"Перех. L39 d 7-12 1/4NPT 12Х18Н10Т/Эскиз","ШТ",7,448.88,3142.16,"450045, г. Уфа, ПАО АНК \"Башнефть\" \"Башнефть-Новойл\""]
["Ниппель, штуцер, патрубки","ПАО АНК \"Башнефть\" \"Башнефть-Новойл\"",5,246,"Переходник с G1/2 на G1/8","ШТ",7,381.26,2668.8199999999997,"450045, г. Уфа, ПАО АНК \"Башнефть\" \"Башнефть-Новойл\""]
["Ниппель, штуцер, патрубки","ПАО АНК \"Башнефть\" \"Башнефть-Новойл\"",5,247,"Переходник ЭС 60297 УХЛ1","ШТ",7,362.8,2539.6,"450045, г. Уфа, ПАО АНК \"Башнефть\" \"Башнефть-Новойл\""]
["Ниппель, штуцер, патрубки","ПАО АНК \"Башнефть\" \"Башнефть-Новойл\"",5,248,"Соединение 12Х1МФ М-09-136","ШТ",2,143.09,286.18,"450045, г. Уфа, ПАО АНК \"Башнефть\" \"Башнефть-Новойл\""]
["Ниппель, штуцер, патрубки","ПАО АНК \"Башнефть\" \"Башнефть-Новойл\"",5,249,"Ниппель НПП-02.200 Ст20","ШТ",5,259.5,1297.5,"450045, г. Уфа, ПАО АНК \"Башнефть\" \"Башнефть-Новойл\""]
["Ниппель, штуцер, патрубки","ПАО АНК \"Башнефть\" \"Башнефть-Новойл\"",5,250,"Ниппель НПП-02.200 Ст20","ШТ",3,259.5,778.5,"450045, г. Уфа, ПАО АНК \"Башнефть\" \"Башнефть-Новойл\""]
["Ниппель, штуцер, патрубки","ПАО АНК \"Башнефть\" \"Башнефть-Новойл\"",5,251,"Ниппель НПП-02.200 Ст20","ШТ",3,259.5,778.5,"450045, г. Уфа, ПАО АНК \"Башнефть\" \"Башнефть-Новойл\""]
["Ниппель, штуцер, патрубки","ПАО АНК \"Башнефть\" \"Башнефть-Новойл\"",5,252,"Ниппель НПП-02.200 Ст20","ШТ",3,259.5,778.5,"450045, г. Уфа, ПАО АНК \"Башнефть\" \"Башнефть-Новойл\""]
["Ниппель, штуцер, патрубки","ПАО АНК \"Башнефть\" \"Башнефть-Новойл\"",5,253,"Ниппель НПП-02.200 Ст20","ШТ",3,259.5,778.5,"450045, г. Уфа, ПАО АНК \"Башнефть\" \"Башнефть-Новойл\""]
["Ниппель, штуцер, патрубки","ПАО АНК \"Башнефть\" \"Башнефть-Новойл\"",5,254,"Ниппель НПП-02.200 Ст20","ШТ",3,259.5,778.5,"450045, г. Уфа, ПАО АНК \"Башнефть\" \"Башнефть-Новойл\""]
["Ниппель, штуцер, патрубки","ПАО АНК \"Башнефть\" \"Башнефть-Новойл\"",5,255,"Ниппель НПП-02.200 Ст20","ШТ",3,259.5,778.5,"450045, г. Уфа, ПАО АНК \"Башнефть\" \"Башнефть-Новойл\""]
["Ниппель, штуцер, патрубки","ПАО АНК \"Башнефть\" \"Башнефть-Новойл\"",5,256,"Ниппель НПП-02.200 Ст20","ШТ",3,259.5,778.5,"450045, г. Уфа, ПАО АНК \"Башнефть\" \"Башнефть-Новойл\""]
["Ниппель, штуцер, патрубки","ПАО АНК \"Башнефть\" \"Башнефть-Новойл\"",5,257,"Ниппель НПП-02.200 Ст20","ШТ",5,259.5,1297.5,"450045, г. Уфа, ПАО АНК \"Башнефть\" \"Башнефть-Новойл\""]
["Ниппель, штуцер, патрубки","ПАО АНК \"Башнефть\" \"Башнефть-Новойл\"",5,258,"Ниппель НПП-02.200 Ст20","ШТ",3,259.5,778.5,"450045, г. Уфа, ПАО АНК \"Башнефть\" \"Башнефть-Новойл\""]
["Ниппель, штуцер, патрубки","ПАО АНК \"Башнефть\" \"Башнефть-Новойл\"",5,259,"Ниппель НПП-02.200 Ст20","ШТ",3,259.5,778.5,"450045, г. Уфа, ПАО АНК \"Башнефть\" \"Башнефть-Новойл\""]
["Ниппель, штуцер, патрубки","ПАО АНК \"Башнефть\" \"Башнефть-Новойл\"",5,260,"Ниппель НПП-02.200 Ст20","ШТ",3,259.5,778.5,"450045, г. Уфа, ПАО АНК \"Башнефть\" \"Башнефть-Новойл\""]
["Ниппель, штуцер, патрубки","ПАО АНК \"Башнефть\" \"Башнефть-Новойл\"",5,261,"Ниппель НПП-02.200 Ст20","ШТ",3,259.5,778.5,"450045, г. Уфа, ПАО АНК \"Башнефть\" \"Башнефть-Новойл\""]
["Ниппель, штуцер, патрубки","ПАО АНК \"Башнефть\" \"Башнефть-Новойл\"",5,262,"Ниппель резьб.с прокл. НРП-02.200 Ст20","ШТ",3,294.2,882.59999999999991,"450045, г. Уфа, ПАО АНК \"Башнефть\" \"Башнефть-Новойл\""]
["Ниппель, штуцер, патрубки","ПАО АНК \"Башнефть\" \"Башнефть-Новойл\"",5,263,"Патрубок точеный Ду15 Ру100 20 чертеж","ШТ",3,226.17,678.51,"450045, г. Уфа, ПАО АНК \"Башнефть\" \"Башнефть-Новойл\""]
["Ниппель, штуцер, патрубки","ПАО АНК \"Башнефть\" \"Башнефть-Новойл\"",5,264,"Патрубок точеный Ду25 Ру100 20 чертеж","ШТ",1,227.06,227.06,"450045, г. Уфа, ПАО АНК \"Башнефть\" \"Башнефть-Новойл\""]
["Ниппель, штуцер, патрубки","ПАО АНК \"Башнефть\" \"Башнефть-Новойл\"",5,265,"Штуцер Ш-K1/8 Ст20","ШТ",280,19.98,5594.4000000000005,"450045, г. Уфа, ПАО АНК \"Башнефть\" \"Башнефть-Новойл\""]
["Ниппель, штуцер, патрубки","ПАО АНК \"Башнефть\" \"Башнефть-Новойл\"",5,266,"Штуцер Ш-K1/8 Ст20","ШТ",54,19.98,1078.92,"450045, г. Уфа, ПАО АНК \"Башнефть\" \"Башнефть-Новойл\""]
["Опоры","ПАО АНК \"Башнефть\" \"Башнефть-Новойл\"",6,267,"Опора 108-ВП-А1 Ст3пс5","ШТ",2,101.22,202.44,"450045, г. Уфа, ПАО АНК \"Башнефть\" \"Башнефть-Новойл\""]
["Опоры","ПАО АНК \"Башнефть\" \"Башнефть-Новойл\"",6,268,"Опора 108-ВП-А2 15Х5М","ШТ",1,101.22,101.22,"450045, г. Уфа, ПАО АНК \"Башнефть\" \"Башнефть-Новойл\""]
["Опоры","ПАО АНК \"Башнефть\" \"Башнефть-Новойл\"",6,269,"Опора 108-ТО-А2 15Х5М","ШТ",2,101.22,202.44,"450045, г. Уфа, ПАО АНК \"Башнефть\" \"Башнефть-Новойл\""]
["Опоры","ПАО АНК \"Башнефть\" \"Башнефть-Новойл\"",6,270,"Опора 108-ТР-А Ст3пс5","ШТ",1,101.22,101.22,"450045, г. Уфа, ПАО АНК \"Башнефть\" \"Башнефть-Новойл\""]
["Опоры","ПАО АНК \"Башнефть\" \"Башнефть-Новойл\"",6,271,"Опора 133-ТО-А2 Ст3пс5","ШТ",4,382.89,1531.56,"450045, г. Уфа, ПАО АНК \"Башнефть\" \"Башнефть-Новойл\""]
["Опоры","ПАО АНК \"Башнефть\" \"Башнефть-Новойл\"",6,272,"Опора 133-ХБ-А Ст3пс5","ШТ",2,79.180000000000007,158.36000000000001,"450045, г. Уфа, ПАО АНК \"Башнефть\" \"Башнефть-Новойл\""]
["Опоры","ПАО АНК \"Башнефть\" \"Башнефть-Новойл\"",6,273,"Опора 159-ВП-А1 Ст3пс5","ШТ",3,97.95,293.85000000000002,"450045, г. Уфа, ПАО АНК \"Башнефть\" \"Башнефть-Новойл\""]
["Опоры","ПАО АНК \"Башнефть\" \"Башнефть-Новойл\"",6,274,"Опора 159-ВП-А2 15Х5М","ШТ",2,2249.29,4498.58,"450045, г. Уфа, ПАО АНК \"Башнефть\" \"Башнефть-Новойл\""]
["Опоры","ПАО АНК \"Башнефть\" \"Башнефть-Новойл\"",6,275,"Опора 159-ТО-А1-20","ШТ",1,217.75,217.75,"450045, г. Уфа, ПАО АНК \"Башнефть\" \"Башнефть-Новойл\""]
["Опоры","ПАО АНК \"Башнефть\" \"Башнефть-Новойл\"",6,276,"Опора 159-ТО-А1-Ст3пс5","ШТ",1,245.03,245.03,"450045, г. Уфа, ПАО АНК \"Башнефть\" \"Башнефть-Новойл\""]
["Опоры","ПАО АНК \"Башнефть\" \"Башнефть-Новойл\"",6,277,"Опора 159-ТО-А1-Ст3пс5","ШТ",1,292.43,292.43,"450045, г. Уфа, ПАО АНК \"Башнефть\" \"Башнефть-Новойл\""]
["Опоры","ПАО АНК \"Башнефть\" \"Башнефть-Новойл\"",6,278,"Опора 18-ТП-АС10-20","ШТ",2,106.85,213.7,"450045, г. Уфа, ПАО АНК \"Башнефть\" \"Башнефть-Новойл\""]
["Опоры","ПАО АНК \"Башнефть\" \"Башнефть-Новойл\"",6,279,"Опора 18-ТП-АС10-Ст3пс5","ШТ",19,147,2793,"450045, г. Уфа, ПАО АНК \"Башнефть\" \"Башнефть-Новойл\""]
["Опоры","ПАО АНК \"Башнефть\" \"Башнефть-Новойл\"",6,280,"Опора 18-ТХ-АС00-Ст3пс5","ШТ",27,147,3969,"450045, г. Уфа, ПАО АНК \"Башнефть\" \"Башнефть-Новойл\""]
["Опоры","ПАО АНК \"Башнефть\" \"Башнефть-Новойл\"",6,281,"Опора 18-ТХ-АС10-Ст3пс5","ШТ",20,147,2940,"450045, г. Уфа, ПАО АНК \"Башнефть\" \"Башнефть-Новойл\""]
["Опоры","ПАО АНК \"Башнефть\" \"Башнефть-Новойл\"",6,282,"Опора 18-ТХ-АС10-Ст3пс5","ШТ",2,147,294,"450045, г. Уфа, ПАО АНК \"Башнефть\" \"Башнефть-Новойл\""]
["Опоры","ПАО АНК \"Башнефть\" \"Башнефть-Новойл\"",6,283,"Опора 18-ТХ-АС10-Ст3пс5","ШТ",4,147,588,"450045, г. Уфа, ПАО АНК \"Башнефть\" \"Башнефть-Новойл\""]
["Опоры","ПАО АНК \"Башнефть\" \"Башнефть-Новойл\"",6,284,"Опора 18-ТХ-АС10-Ст3пс5","ШТ",6,147,882,"450045, г. Уфа, ПАО АНК \"Башнефть\" \"Башнефть-Новойл\""]
["Опоры","ПАО АНК \"Башнефть\" \"Башнефть-Новойл\"",6,285,"Опора 18-ТХ-АС10-Ст3пс5","ШТ",11,147,1617,"450045, г. Уфа, ПАО АНК \"Башнефть\" \"Башнефть-Новойл\""]
["Опоры","ПАО АНК \"Башнефть\" \"Башнефть-Новойл\"",6,286,"Опора 20-ТП-АС10 ВСт3пс5","ШТ",3,97.95,293.85000000000002,"450045, г. Уфа, ПАО АНК \"Башнефть\" \"Башнефть-Новойл\""]
["Опоры","ПАО АНК \"Башнефть\" \"Башнефть-Новойл\"",6,287,"Опора 20-ТП-АС10 ВСт3пс5","ШТ",72,47.92,3450.2400000000002,"450045, г. Уфа, ПАО АНК \"Башнефть\" \"Башнефть-Новойл\""]
["Опоры","ПАО АНК \"Башнефть\" \"Башнефть-Новойл\"",6,288,"Опора 219-ВП-А1 Ст3пс5","ШТ",2,97.95,195.9,"450045, г. Уфа, ПАО АНК \"Башнефть\" \"Башнефть-Новойл\""]
["Опоры","ПАО АНК \"Башнефть\" \"Башнефть-Новойл\"",6,289,"Опора 219-ВП-А1 Ст3пс5","ШТ",1,130.15,130.15,"450045, г. Уфа, ПАО АНК \"Башнефть\" \"Башнефть-Новойл\""]
["Опоры","ПАО АНК \"Башнефть\" \"Башнефть-Новойл\"",6,290,"Опора 219-ВП-Б2-Ст3пс4","ШТ",3,297.91000000000003,893.73,"450045, г. Уфа, ПАО АНК \"Башнефть\" \"Башнефть-Новойл\""]
["Опоры","ПАО АНК \"Башнефть\" \"Башнефть-Новойл\"",6,291,"Опора 219-ХБ-А Ст3пс5","ШТ",787,166.25,130838.75,"450045, г. Уфа, ПАО АНК \"Башнефть\" \"Башнефть-Новойл\""]
["Опоры","ПАО АНК \"Башнефть\" \"Башнефть-Новойл\"",6,292,"Опора 219-ХБ-А Ст3пс5","ШТ",4,258.52,1034.08,"450045, г. Уфа, ПАО АНК \"Башнефть\" \"Башнефть-Новойл\""]
["Опоры","ПАО АНК \"Башнефть\" \"Башнефть-Новойл\"",6,293,"Опора 219-ХБ-А Ст3пс5","ШТ",2,222.35,444.7,"450045, г. Уфа, ПАО АНК \"Башнефть\" \"Башнефть-Новойл\""]
["Опоры","ПАО АНК \"Башнефть\" \"Башнефть-Новойл\"",6,294,"Опора 273-ВП-А1 Ст3пс5","ШТ",2,249.26,498.52,"450045, г. Уфа, ПАО АНК \"Башнефть\" \"Башнефть-Новойл\""]
["Опоры","ПАО АНК \"Башнефть\" \"Башнефть-Новойл\"",6,295,"Опора 273-ВП-Б1 Ст3пс5","ШТ",1,424.57,424.57,"450045, г. Уфа, ПАО АНК \"Башнефть\" \"Башнефть-Новойл\""]
["Опоры","ПАО АНК \"Башнефть\" \"Башнефть-Новойл\"",6,296,"Опора 273-ТО-А1-20","ШТ",1,1050.7,1050.7,"450045, г. Уфа, ПАО АНК \"Башнефть\" \"Башнефть-Новойл\""]
["Опоры","ПАО АНК \"Башнефть\" \"Башнефть-Новойл\"",6,297,"Опора 273-ТО-А1-Ст3пс5","ШТ",1,531.29999999999995,531.29999999999995,"450045, г. Уфа, ПАО АНК \"Башнефть\" \"Башнефть-Новойл\""]
["Опоры","ПАО АНК \"Башнефть\" \"Башнефть-Новойл\"",6,298,"Опора 273-ТО-А1-Ст3пс5","ШТ",1,531.29999999999995,531.29999999999995,"450045, г. Уфа, ПАО АНК \"Башнефть\" \"Башнефть-Новойл\""]
["Опоры","ПАО АНК \"Башнефть\" \"Башнефть-Новойл\"",6,299,"Опора 273-ТО-А1-Ст3пс5","ШТ",1,531.29999999999995,531.29999999999995,"450045, г. Уфа, ПАО АНК \"Башнефть\" \"Башнефть-Новойл\""]
["Опоры","ПАО АНК \"Башнефть\" \"Башнефть-Новойл\"",6,300,"Опора 273-ТО-А2 Ст3пс5","ШТ",2,531.29999999999995,1062.5999999999999,"450045, г. Уфа, ПАО АНК \"Башнефть\" \"Башнефть-Новойл\""]
["Опоры","ПАО АНК \"Башнефть\" \"Башнефть-Новойл\"",6,301,"Опора 325-ВП-А1 Ст3пс5","ШТ",1,307.2,307.2,"450045, г. Уфа, ПАО АНК \"Башнефть\" \"Башнефть-Новойл\""]
["Опоры","ПАО АНК \"Башнефть\" \"Башнефть-Новойл\"",6,302,"Опора 325-КП-АС12 Ст3сп5","ШТ",2,474.43,{"$f":"G306*H306","v":948.86},"450045, г. Уфа, ПАО АНК \"Башнефть\" \"Башнефть-Новойл\""]
["Опоры","ПАО АНК \"Башнефть\" \"Башнефть-Новойл\"",6,303,"Опора 325-КП-АС22 Ст3пс6","ШТ",2,934.95,1869.9,"450045, г. Уфа, ПАО АНК \"Башнефть\" \"Башнефть-Новойл\""]
["Опоры","ПАО АНК \"Башнефть\" \"Башнефть-Новойл\"",6,304,"Опора 325-ТО-А2 Ст3пс5","ШТ",7,1354.5,9481.5,"450045, г. Уфа, ПАО АНК \"Башнефть\" \"Башнефть-Новойл\""]
["Опоры","ПАО АНК \"Башнефть\" \"Башнефть-Новойл\"",6,305,"Опора 325-ХБ-А-ВСт3пс","ШТ",1,353.9,353.9,"450045, г. Уфа, ПАО АНК \"Башнефть\" \"Башнефть-Новойл\""]
["Опоры","ПАО АНК \"Башнефть\" \"Башнефть-Новойл\"",6,306,"Опора 32-ТП-АС00 Ст3","ШТ",2,38.35,76.7,"450045, г. Уфа, ПАО АНК \"Башнефть\" \"Башнефть-Новойл\""]
["Опоры","ПАО АНК \"Башнефть\" \"Башнефть-Новойл\"",6,307,"Опора 32-ТП-АС00 Ст3пс5","ШТ",1,87.82,87.82,"450045, г. Уфа, ПАО АНК \"Башнефть\" \"Башнефть-Новойл\""]
["Опоры","ПАО АНК \"Башнефть\" \"Башнефть-Новойл\"",6,308,"Опора 32-ТХ-АС00-Вст3пс4","ШТ",1,54.91,54.91,"450045, г. Уфа, ПАО АНК \"Башнефть\" \"Башнефть-Новойл\""]
["Опоры","ПАО АНК \"Башнефть\" \"Башнефть-Новойл\"",6,309,"Опора 32-ТХ-АС10 15Х5М","ШТ",1,520.9,520.9,"450045, г. Уфа, ПАО АНК \"Башнефть\" \"Башнефть-Новойл\""]
["Опоры","ПАО АНК \"Башнефть\" \"Башнефть-Новойл\"",6,310,"Опора 32-ТХ-АС10-20","ШТ",5,77.540000000000006,387.70000000000005,"450045, г. Уфа, ПАО АНК \"Башнефть\" \"Башнефть-Новойл\""]
["Опоры","ПАО АНК \"Башнефть\" \"Башнефть-Новойл\"",6,311,"Опора 35Х23Н7СЛ","ШТ",12,10889.85,130678.20000000001,"450045, г. Уфа, ПАО АНК \"Башнефть\" \"Башнефть-Новойл\""]
["Опоры","ПАО АНК \"Башнефть\" \"Башнефть-Новойл\"",6,312,"Опора 35Х23Н7СЛ","ШТ",30,10889.85,326695.5,"450045, г. Уфа, ПАО АНК \"Башнефть\" \"Башнефть-Новойл\""]
["Опоры","ПАО АНК \"Башнефть\" \"Башнефть-Новойл\"",6,313,"Опора 377-ВП-Б2 Ст3пс6","ШТ",1,793.09,793.09,"450045, г. Уфа, ПАО АНК \"Башнефть\" \"Башнефть-Новойл\""]
["Опоры","ПАО АНК \"Башнефть\" \"Башнефть-Новойл\"",6,314,"Опора 377-КП-А21-Вст3пс5","ШТ",20,244.94,4898.8,"450045, г. Уфа, ПАО АНК \"Башнефть\" \"Башнефть-Новойл\""]
["Опоры","ПАО АНК \"Башнефть\" \"Башнефть-Новойл\"",6,315,"Опора 377-КП-А22в ВСт3пс6","ШТ",1,935.05,935.05,"450045, г. Уфа, ПАО АНК \"Башнефть\" \"Башнефть-Новойл\""]
["Опоры","ПАО АНК \"Башнефть\" \"Башнефть-Новойл\"",6,316,"Опора 377-ТО-А1 Ст3пс5","ШТ",2,2331.92,4663.84,"450045, г. Уфа, ПАО АНК \"Башнефть\" \"Башнефть-Новойл\""]
["Опоры","ПАО АНК \"Башнефть\" \"Башнефть-Новойл\"",6,317,"Опора 377-ТО-А1 Ст3пс5","ШТ",1,2383.9899999999998,2383.9899999999998,"450045, г. Уфа, ПАО АНК \"Башнефть\" \"Башнефть-Новойл\""]
["Опоры","ПАО АНК \"Башнефть\" \"Башнефть-Новойл\"",6,318,"Опора 377-ТО-А1 Ст3пс5","ШТ",3,2866.84,8600.52,"450045, г. Уфа, ПАО АНК \"Башнефть\" \"Башнефть-Новойл\""]
["Опоры","ПАО АНК \"Башнефть\" \"Башнефть-Новойл\"",6,319,"Опора 377-ТО-А1 Ст3пс5","ШТ",4,2727.26,10909.04,"450045, г. Уфа, ПАО АНК \"Башнефть\" \"Башнефть-Новойл\""]
["Опоры","ПАО АНК \"Башнефть\" \"Башнефть-Новойл\"",6,320,"Опора 38-Т13-01 Ст3пс5","ШТ",4,72.59,290.36,"450045, г. Уфа, ПАО АНК \"Башнефть\" \"Башнефть-Новойл\""]
["Опоры","ПАО АНК \"Башнефть\" \"Башнефть-Новойл\"",6,321,"Опора 38-ТБ-А Ст3пс5","ШТ",2,11.32,22.64,"450045, г. Уфа, ПАО АНК \"Башнефть\" \"Башнефть-Новойл\""]
["Опоры","ПАО АНК \"Башнефть\" \"Башнефть-Новойл\"",6,322,"Опора 38-ТК-А10 Ст3пс5","ШТ",13,62.29,809.77,"450045, г. Уфа, ПАО АНК \"Башнефть\" \"Башнефть-Новойл\""]
["Опоры","ПАО АНК \"Башнефть\" \"Башнефть-Новойл\"",6,323,"Опора 38-ТП-АС10 Ст3сп5","ШТ",1,147,147,"450045, г. Уфа, ПАО АНК \"Башнефть\" \"Башнефть-Новойл\""]
["Опоры","ПАО АНК \"Башнефть\" \"Башнефть-Новойл\"",6,324,"Опора 38-ТХ-АС00 Ст3пс5","ШТ",1,65.290000000000006,65.290000000000006,"450045, г. Уфа, ПАО АНК \"Башнефть\" \"Башнефть-Новойл\""]
["Опоры","ПАО АНК \"Башнефть\" \"Башнефть-Новойл\"",6,325,"Опора 38-ТХ-АС00 Ст3пс5","ШТ",2,64.94,129.88,"450045, г. Уфа, ПАО АНК \"Башнефть\" \"Башнефть-Новойл\""]
["Опоры","ПАО АНК \"Башнефть\" \"Башнефть-Новойл\"",6,326,"Опора 38-ТХ-АС10 Ст3пс","ШТ",4,42,168,"450045, г. Уфа, ПАО АНК \"Башнефть\" \"Башнефть-Новойл\""]
["Опоры","ПАО АНК \"Башнефть\" \"Башнефть-Новойл\"",6,327,"Опора 426-ВП-БС2-20","ШТ",1,1416.4,1416.4,"450045, г. Уфа, ПАО АНК \"Башнефть\" \"Башнефть-Новойл\""]
["Опоры","ПАО АНК \"Башнефть\" \"Башнефть-Новойл\"",6,328,"Опора 426-КП-АС22 Ст3пс5","ШТ",2,422.71,845.42,"450045, г. Уфа, ПАО АНК \"Башнефть\" \"Башнефть-Новойл\""]
["Опоры","ПАО АНК \"Башнефть\" \"Башнефть-Новойл\"",6,329,"Опора 426-КХ-А11 Ст3пс5","ШТ",15,2270.59,34058.850000000006,"450045, г. Уфа, ПАО АНК \"Башнефть\" \"Башнефть-Новойл\""]
["Опоры","ПАО АНК \"Башнефть\" \"Башнефть-Новойл\"",6,330,"Опора 426-Т14.28 с.4.903-10 вып.5 Ст3сп5","ШТ",4,139.86000000000001,559.44000000000005,"450045, г. Уфа, ПАО АНК \"Башнефть\" \"Башнефть-Новойл\""]
["Опоры","ПАО АНК \"Башнефть\" \"Башнефть-Новойл\"",6,331,"Опора 426-Т15-17 Ст3пс5","ШТ",2,554.41999999999996,1108.8399999999999,"450045, г. Уфа, ПАО АНК \"Башнефть\" \"Башнефть-Новойл\""]
["Опоры","ПАО АНК \"Башнефть\" \"Башнефть-Новойл\"",6,332,"Опора 426-ХБ-А-Вст3сп5","ШТ",2,175.49,350.98,"450045, г. Уфа, ПАО АНК \"Башнефть\" \"Башнефть-Новойл\""]
["Опоры","ПАО АНК \"Башнефть\" \"Башнефть-Новойл\"",6,333,"Опора 57-ВП-А1 Ст3пс6","ШТ",2,49.95,99.9,"450045, г. Уфа, ПАО АНК \"Башнефть\" \"Башнефть-Новойл\""]
["Опоры","ПАО АНК \"Башнефть\" \"Башнефть-Новойл\"",6,334,"Опора 57-ВП-А1 Ст3пс6","ШТ",2,61.34,122.68,"450045, г. Уфа, ПАО АНК \"Башнефть\" \"Башнефть-Новойл\""]
["Опоры","ПАО АНК \"Башнефть\" \"Башнефть-Новойл\"",6,335,"Опора 630-КП-А11-Ст3пс5","ШТ",24,302.39999999999998,7257.5999999999995,"450045, г. Уфа, ПАО АНК \"Башнефть\" \"Башнефть-Новойл\""]
["Опоры","ПАО АНК \"Башнефть\" \"Башнефть-Новойл\"",6,336,"Опора 630-КП-А11-Ст3пс5","ШТ",4,302.39999999999998,1209.5999999999999,"450045, г. Уфа, ПАО АНК \"Башнефть\" \"Башнефть-Новойл\""]
["Опоры","ПАО АНК \"Башнефть\" \"Башнефть-Новойл\"",6,337,"Опора 630-КП-А12 Ст3пс5","ШТ",85,816.65,69415.25,"450045, г. Уфа, ПАО АНК \"Башнефть\" \"Башнефть-Новойл\""]
["Опоры","ПАО АНК \"Башнефть\" \"Башнефть-Новойл\"",6,338,"Опора 630-КП-А12-ВСТ3ПС","ШТ",11,743.41,8177.5099999999993,"450045, г. Уфа, ПАО АНК \"Башнефть\" \"Башнефть-Новойл\""]
["Опоры","ПАО АНК \"Башнефть\" \"Башнефть-Новойл\"",6,339,"Опора 630-КП-А12-ВСТ3ПС","ШТ",217,1798.61,390298.37,"450045, г. Уфа, ПАО АНК \"Башнефть\" \"Башнефть-Новойл\""]
["Опоры","ПАО АНК \"Башнефть\" \"Башнефть-Новойл\"",6,340,"Опора 630-КП-АС11 Ст3пс5","ШТ",9,497.75,4479.75,"450045, г. Уфа, ПАО АНК \"Башнефть\" \"Башнефть-Новойл\""]
["Опоры","ПАО АНК \"Башнефть\" \"Башнефть-Новойл\"",6,341,"Опора 630-КХ-АС12 Ст3пс5","ШТ",2,3307.21,6614.42,"450045, г. Уфа, ПАО АНК \"Башнефть\" \"Башнефть-Новойл\""]
["Опоры","ПАО АНК \"Башнефть\" \"Башнефть-Новойл\"",6,342,"Опора 630-ТО-А2 Ст3пс5","ШТ",1,4557,4557,"450045, г. Уфа, ПАО АНК \"Башнефть\" \"Башнефть-Новойл\""]
["Опоры","ПАО АНК \"Башнефть\" \"Башнефть-Новойл\"",6,343,"Опора 76-КП-А11-20","ШТ",1,81.489999999999995,81.489999999999995,"450045, г. Уфа, ПАО АНК \"Башнефть\" \"Башнефть-Новойл\""]
["Опоры","ПАО АНК \"Башнефть\" \"Башнефть-Новойл\"",6,344,"Опора 820-КП-А12 Ст3пс5","ШТ",47,947.47,44531.090000000004,"450045, г. Уфа, ПАО АНК \"Башнефть\" \"Башнефть-Новойл\""]
["Опоры","ПАО АНК \"Башнефть\" \"Башнефть-Новойл\"",6,345,"Опора 820-КП-А12-ВСТ3ПС","ШТ",230,1252.69,288118.7,"450045, г. Уфа, ПАО АНК \"Башнефть\" \"Башнефть-Новойл\""]
["Опоры","ПАО АНК \"Башнефть\" \"Башнефть-Новойл\"",6,346,"Опора 820-КП-А22 Ст3пс5","ШТ",23,1387.85,31920.55,"450045, г. Уфа, ПАО АНК \"Башнефть\" \"Башнефть-Новойл\""]
["Опоры","ПАО АНК \"Башнефть\" \"Башнефть-Новойл\"",6,347,"Опора 820-ШП-А1-Вст3пс","ШТ",5,933.33,4666.6500000000005,"450045, г. Уфа, ПАО АНК \"Башнефть\" \"Башнефть-Новойл\""]
["Опоры","ПАО АНК \"Башнефть\" \"Башнефть-Новойл\"",6,348,"Опора 89-ВП-А2 Ст3пс5","ШТ",3,92.38,277.14,"450045, г. Уфа, ПАО АНК \"Башнефть\" \"Башнефть-Новойл\""]
["Опоры","ПАО АНК \"Башнефть\" \"Башнефть-Новойл\"",6,349,"Опора 89-ВП-А2-20","ШТ",5,67.900000000000006,339.5,"450045, г. Уфа, ПАО АНК \"Башнефть\" \"Башнефть-Новойл\""]
["Опоры","ПАО АНК \"Башнефть\" \"Башнефть-Новойл\"",6,350,"Опора 89-ТО-А1-15Х5М","ШТ",2,1606.64,3213.28,"450045, г. Уфа, ПАО АНК \"Башнефть\" \"Башнефть-Новойл\""]
["Опоры","ПАО АНК \"Башнефть\" \"Башнефть-Новойл\"",6,351,"Опора 89-ТО-А1-20","ШТ",1,155.47999999999999,155.47999999999999,"450045, г. Уфа, ПАО АНК \"Башнефть\" \"Башнефть-Новойл\""]
["Опоры","ПАО АНК \"Башнефть\" \"Башнефть-Новойл\"",6,352,"Опора 89-ТО-А1-Ст3пс5","ШТ",7,100.8,705.6,"450045, г. Уфа, ПАО АНК \"Башнефть\" \"Башнефть-Новойл\""]
["Опоры","ПАО АНК \"Башнефть\" \"Башнефть-Новойл\"",6,353,"Опора 89-ТО-А1-Ст3пс5","ШТ",6,100.8,604.79999999999995,"450045, г. Уфа, ПАО АНК \"Башнефть\" \"Башнефть-Новойл\""]
["Опоры","ПАО АНК \"Башнефть\" \"Башнефть-Новойл\"",6,354,"Опора 89-ТП-АС11 ВСт3пс5","ШТ",4,112.54,450.16,"450045, г. Уфа, ПАО АНК \"Башнефть\" \"Башнефть-Новойл\""]
["Опоры","ПАО АНК \"Башнефть\" \"Башнефть-Новойл\"",6,355,"Опора для задв. Ду400 Ру16 ч.51-2009ТП","ШТ",1,2195.54,2195.54,"450045, г. Уфа, ПАО АНК \"Башнефть\" \"Башнефть-Новойл\""]
["Опоры","ПАО АНК \"Башнефть\" \"Башнефть-Новойл\"",6,356,"Опора для задвижки Ду350 Ст20","ШТ",1,2446.36,2446.36,"450045, г. Уфа, ПАО АНК \"Башнефть\" \"Башнефть-Новойл\""]
["Опоры","ПАО АНК \"Башнефть\" \"Башнефть-Новойл\"",6,357,"Опора Дн1020 09Г2С 012-(2143)-11/1-25ТП","ШТ",4,8459.06,33836.239999999998,"450045, г. Уфа, ПАО АНК \"Башнефть\" \"Башнефть-Новойл\""]
["Опоры","ПАО АНК \"Башнефть\" \"Башнефть-Новойл\"",6,358,"Опора Дн108 012-(2143)-11/1-18ВО","ШТ",18,225.18,4053.2400000000002,"450045, г. Уфа, ПАО АНК \"Башнефть\" \"Башнефть-Новойл\""]
["Опоры","ПАО АНК \"Башнефть\" \"Башнефть-Новойл\"",6,359,"Опора Дн150 012-(2143)-11/1-19ВО","ШТ",6,1275.17,7651.02,"450045, г. Уфа, ПАО АНК \"Башнефть\" \"Башнефть-Новойл\""]
["Опоры","ПАО АНК \"Башнефть\" \"Башнефть-Новойл\"",6,360,"Опора Дн150 012-(2143)-11/1-19ВО","ШТ",6,1280.77,7684.62,"450045, г. Уфа, ПАО АНК \"Башнефть\" \"Башнефть-Новойл\""]
["Опоры","ПАО АНК \"Башнефть\" \"Башнефть-Новойл\"",6,361,"Опора Дн820 012-(2143)-11/1-55ВО","ШТ",1,3304.45,3304.45,"450045, г. Уфа, ПАО АНК \"Башнефть\" \"Башнефть-Новойл\""]
["Опоры","ПАО АНК \"Башнефть\" \"Башнефть-Новойл\"",6,362,"Опора Ду1000 012-(2142)-11/3-16ВО","ШТ",4,19589.39,78357.56,"450045, г. Уфа, ПАО АНК \"Башнефть\" \"Башнефть-Новойл\""]
["Опоры","ПАО АНК \"Башнефть\" \"Башнефть-Новойл\"",6,363,"Опора Ду1000 012-(2142)-11/3-16ВО","ШТ",3,19589.39,58768.17,"450045, г. Уфа, ПАО АНК \"Башнефть\" \"Башнефть-Новойл\""]
["Опоры","ПАО АНК \"Башнефть\" \"Башнефть-Новойл\"",6,364,"Опора Ду1200 012-(2142)-11/3-17ВО","ШТ",2,24753.87,49507.74,"450045, г. Уфа, ПАО АНК \"Башнефть\" \"Башнефть-Новойл\""]
["Опоры","ПАО АНК \"Башнефть\" \"Башнефть-Новойл\"",6,365,"Опора Ду150 Ст20 II-77-Т","ШТ",3,606.16999999999996,1818.5099999999998,"450045, г. Уфа, ПАО АНК \"Башнефть\" \"Башнефть-Новойл\""]
["Опоры","ПАО АНК \"Башнефть\" \"Башнефть-Новойл\"",6,366,"Опора Ду150 Ст20 II-77-Т","ШТ",2,736.44,{"$f":"G370*H370","v":1472.88},"450045, г. Уфа, ПАО АНК \"Башнефть\" \"Башнефть-Новойл\""]
["Опоры","ПАО АНК \"Башнефть\" \"Башнефть-Новойл\"",6,367,"Опора Ду150 Ст20 ч.012(2142)-11/3-52ТП","ШТ",1,4239.62,4239.62,"450045, г. Уфа, ПАО АНК \"Башнефть\" \"Башнефть-Новойл\""]
["Опоры","ПАО АНК \"Башнефть\" \"Башнефть-Новойл\"",6,368,"Опора Ду25 15Х5М II-397-T","ШТ",3,133.44,400.32,"450045, г. Уфа, ПАО АНК \"Башнефть\" \"Башнефть-Новойл\""]
["Опоры","ПАО АНК \"Башнефть\" \"Башнефть-Новойл\"",6,369,"Опора Ду500 СТ3ПС5 012-(2162)-305-20ТП","ШТ",1,18698.96,18698.96,"450045, г. Уфа, ПАО АНК \"Башнефть\" \"Башнефть-Новойл\""]
["Опоры","ПАО АНК \"Башнефть\" \"Башнефть-Новойл\"",6,370,"Опора Ду500 СТ3ПС5 012-(2162)-305-21ТП","ШТ",1,19589.39,19589.39,"450045, г. Уфа, ПАО АНК \"Башнефть\" \"Башнефть-Новойл\""]
["Опоры","ПАО АНК \"Башнефть\" \"Башнефть-Новойл\"",6,371,"Опора Ду800 16ГС 012(2142)-11/3-27ТП","ШТ",7,11221.97,78553.789999999994,"450045, г. Уфа, ПАО АНК \"Башнефть\" \"Башнефть-Новойл\""]
["Опоры","ПАО АНК \"Башнефть\" \"Башнефть-Новойл\"",6,372,"Опора Ду800 16ГС 012(2142)-11/3-27ТП","ШТ",1,11062.81,11062.81,"450045, г. Уфа, ПАО АНК \"Башнефть\" \"Башнефть-Новойл\""]
["Опоры","ПАО АНК \"Башнефть\" \"Башнефть-Новойл\"",6,373,"Опора Ду800 16ГС-11 012-(2142)-11/3-26ТП","ШТ",1,11062.82,11062.82,"450045, г. Уфа, ПАО АНК \"Башнефть\" \"Башнефть-Новойл\""]
["Опоры","ПАО АНК \"Башнефть\" \"Башнефть-Новойл\"",6,374,"Опора скользящая 630","ШТ",4,6589.16,26356.639999999999,"450045, г. Уфа, ПАО АНК \"Башнефть\" \"Башнефть-Новойл\""]
["Опоры","ПАО АНК \"Башнефть\" \"Башнефть-Новойл\"",6,375,"Блок хомутовый 24 ОСТ 24.125.113","ШТ",2,211.68,423.36,"450045, г. Уфа, ПАО АНК \"Башнефть\" \"Башнефть-Новойл\""]
["Опоры","ПАО АНК \"Башнефть\" \"Башнефть-Новойл\"",6,376,"Опора 18-ТП-АС10-Ст3пс5","ШТ",3,147,441,"450045, г. Уфа, ПАО АНК \"Башнефть\" \"Башнефть-Новойл\""]
["Опоры","ПАО АНК \"Башнефть\" \"Башнефть-Новойл\"",6,377,"Опора 20-ТП-АС10 ВСт3пс5","ШТ",18,47.92,862.56000000000006,"450045, г. Уфа, ПАО АНК \"Башнефть\" \"Башнефть-Новойл\""]
["Опоры","ПАО АНК \"Башнефть\" \"Башнефть-Новойл\"",6,378,"Опора 20-ТП-АС10 ВСт3пс5","ШТ",88,47.92,4216.96,"450045, г. Уфа, ПАО АНК \"Башнефть\" \"Башнефть-Новойл\""]
["Опоры","ПАО АНК \"Башнефть\" \"Башнефть-Новойл\"",6,379,"Опора 32-ТП-АС00 Ст3","ШТ",3,38.35,115.05000000000001,"450045, г. Уфа, ПАО АНК \"Башнефть\" \"Башнефть-Новойл\""]
["Опоры","ПАО АНК \"Башнефть\" \"Башнефть-Новойл\"",6,380,"Опора 377-ВП-Б2 Ст3пс6","ШТ",1,793.09,793.09,"450045, г. Уфа, ПАО АНК \"Башнефть\" \"Башнефть-Новойл\""]
["Опоры","ПАО АНК \"Башнефть\" \"Башнефть-Новойл\"",6,381,"Опора 377-КП-А21-Вст3пс5","ШТ",3,244.94,734.81999999999994,"450045, г. Уфа, ПАО АНК \"Башнефть\" \"Башнефть-Новойл\""]
["Опоры","ПАО АНК \"Башнефть\" \"Башнефть-Новойл\"",6,382,"Опора 38-ТХ-АС00 Ст3пс5","ШТ",1,64.94,64.94,"450045, г. Уфа, ПАО АНК \"Башнефть\" \"Башнефть-Новойл\""]
["Опоры","ПАО АНК \"Башнефть\" \"Башнефть-Новойл\"",6,383,"Опора 38-ТХ-АС10 Ст3пс","ШТ",8,42,336,"450045, г. Уфа, ПАО АНК \"Башнефть\" \"Башнефть-Новойл\""]
["Опоры","ПАО АНК \"Башнефть\" \"Башнефть-Новойл\"",6,384,"Опора 820-КП-А12 Ст3пс5","ШТ",6,947.47,5684.82,"450045, г. Уфа, ПАО АНК \"Башнефть\" \"Башнефть-Новойл\""]
["Опоры пружинные","ПАО АНК \"Башнефть\" \"Башнефть-Новойл\"",7,385,"Опора пружинная 012-(2143)-11/1-80ВО","ШТ",2,29265.439999999999,58530.879999999997,"450045, г. Уфа, ПАО АНК \"Башнефть\" \"Башнефть-Новойл\""]
["Опоры пружинные","ПАО АНК \"Башнефть\" \"Башнефть-Новойл\"",7,386,"Опора пружинная 012-(2162)-305-38","ШТ",1,17808.54,17808.54,"450045, г. Уфа, ПАО АНК \"Башнефть\" \"Башнефть-Новойл\""]
["Опоры пружинные","ПАО АНК \"Башнефть\" \"Башнефть-Новойл\"",7,387,"Опора пружинная 012-(2162)-305-39","ШТ",1,21904.5,21904.5,"450045, г. Уфа, ПАО АНК \"Башнефть\" \"Башнефть-Новойл\""]
["Опоры пружинные","ПАО АНК \"Башнефть\" \"Башнефть-Новойл\"",7,388,"Опора пружинная 012-(2162)-305-40","ШТ",1,19233.22,19233.22,"450045, г. Уфа, ПАО АНК \"Башнефть\" \"Башнефть-Новойл\""]
["Опоры пружинные","ПАО АНК \"Башнефть\" \"Башнефть-Новойл\"",7,389,"Опора пружинная 012-(2162)-305-41","ШТ",1,18698.96,18698.96,"450045, г. Уфа, ПАО АНК \"Башнефть\" \"Башнефть-Новойл\""]
["Опоры пружинные","ПАО АНК \"Башнефть\" \"Башнефть-Новойл\"",7,390,"Опора пружинная 012-(2162)-305-42","ШТ",1,20925.03,20925.03,"450045, г. Уфа, ПАО АНК \"Башнефть\" \"Башнефть-Новойл\""]
["Опоры пружинные","ПАО АНК \"Башнефть\" \"Башнефть-Новойл\"",7,391,"Опора пружинная 012-(2162)-305-43","ШТ",1,20479.82,20479.82,"450045, г. Уфа, ПАО АНК \"Башнефть\" \"Башнефть-Новойл\""]
["Опоры пружинные","ПАО АНК \"Башнефть\" \"Башнефть-Новойл\"",7,392,"Опора пружинная 012-(2162)-305-44","ШТ",1,5431.6,5431.6,"450045, г. Уфа, ПАО АНК \"Башнефть\" \"Башнефть-Новойл\""]
["Опоры пружинные","ПАО АНК \"Башнефть\" \"Башнефть-Новойл\"",7,393,"Опора пружинная 012-(2162)-305-45","ШТ",4,5342.56,21370.240000000002,"450045, г. Уфа, ПАО АНК \"Башнефть\" \"Башнефть-Новойл\""]
["Опоры пружинные","ПАО АНК \"Башнефть\" \"Башнефть-Новойл\"",7,394,"Опора пружинная 300 011-(2295)-ТЭЦ3-7ВО","ШТ",1,8194.9,8194.9,"450045, г. Уфа, ПАО АНК \"Башнефть\" \"Башнефть-Новойл\""]
["Опоры пружинные","ПАО АНК \"Башнефть\" \"Башнефть-Новойл\"",7,395,"Блок пружин. 1534-10-743 ОСТ34-10-745-93","ШТ",2,4153.8,8307.6,"450045, г. Уфа, ПАО АНК \"Башнефть\" \"Башнефть-Новойл\""]
["Опоры пружинные","ПАО АНК \"Башнефть\" \"Башнефть-Новойл\"",7,396,"Блок пружинный 01","ШТ",1,3112.97,3112.97,"450045, г. Уфа, ПАО АНК \"Башнефть\" \"Башнефть-Новойл\""]
["Опоры пружинные","ПАО АНК \"Башнефть\" \"Башнефть-Новойл\"",7,397,"Блок пружинный 07","ШТ",1,5843.52,5843.52,"450045, г. Уфа, ПАО АНК \"Башнефть\" \"Башнефть-Новойл\""]
["Опоры пружинные","ПАО АНК \"Башнефть\" \"Башнефть-Новойл\"",7,398,"Блок пружинный 17-34-10-743","ШТ",1,5166,5166,"450045, г. Уфа, ПАО АНК \"Башнефть\" \"Башнефть-Новойл\""]
["Опоры пружинные","ПАО АНК \"Башнефть\" \"Башнефть-Новойл\"",7,399,"Блок пружинный №22 ОСТ 108.275.60","ШТ",1,15267,15267,"450045, г. Уфа, ПАО АНК \"Башнефть\" \"Башнефть-Новойл\""]
["Подвески, Отвлетвления","ПАО АНК \"Башнефть\" \"Башнефть-Новойл\"",8,400,"Ответв.Ру16 100х20 Н100 20","ШТ",1,1307.57,1307.57,"450045, г. Уфа, ПАО АНК \"Башнефть\" \"Башнефть-Новойл\""]
["Подвески, Отвлетвления","ПАО АНК \"Башнефть\" \"Башнефть-Новойл\"",8,401,"Ответв.Ру16 100х50 Н100 20","ШТ",4,1307.57,5230.28,"450045, г. Уфа, ПАО АНК \"Башнефть\" \"Башнефть-Новойл\""]
["Подвески, Отвлетвления","ПАО АНК \"Башнефть\" \"Башнефть-Новойл\"",8,402,"Ответв.Ру16 100х80 Н100 20","ШТ",2,1393.6,2787.2,"450045, г. Уфа, ПАО АНК \"Башнефть\" \"Башнефть-Новойл\""]
["Подвески, Отвлетвления","ПАО АНК \"Башнефть\" \"Башнефть-Новойл\"",8,403,"Ответв.Ру16 150х20 Н100 20","ШТ",1,1961.36,1961.36,"450045, г. Уфа, ПАО АНК \"Башнефть\" \"Башнефть-Новойл\""]
["Подвески, Отвлетвления","ПАО АНК \"Башнефть\" \"Башнефть-Новойл\"",8,404,"Ответв.Ру16 200х150 Н100 20","ШТ",1,3174.29,3174.29,"450045, г. Уфа, ПАО АНК \"Башнефть\" \"Башнефть-Новойл\""]
["Подвески, Отвлетвления","ПАО АНК \"Башнефть\" \"Башнефть-Новойл\"",8,405,"Ответв.Ру16 200х20 Н100 20","ШТ",3,2632.34,7897.02,"450045, г. Уфа, ПАО АНК \"Башнефть\" \"Башнефть-Новойл\""]
["Подвески, Отвлетвления","ПАО АНК \"Башнефть\" \"Башнефть-Новойл\"",8,406,"Ответв.Ру16 200х50 Н100 20","ШТ",3,2632.34,7897.02,"450045, г. Уфа, ПАО АНК \"Башнефть\" \"Башнефть-Новойл\""]
["Подвески, Отвлетвления","ПАО АНК \"Башнефть\" \"Башнефть-Новойл\"",8,407,"Ответв.Ру16 200х80 Н100 20","ШТ",4,2787.19,11148.76,"450045, г. Уфа, ПАО АНК \"Башнефть\" \"Башнефть-Новойл\""]
["Подвески, Отвлетвления","ПАО АНК \"Башнефть\" \"Башнефть-Новойл\"",8,408,"Подвеска №1 05766528-У9044-3039-ТХ2","ШТ",1,16898.96,16898.96,"450045, г. Уфа, ПАО АНК \"Башнефть\" \"Башнефть-Новойл\""]
["Подвески, Отвлетвления","ПАО АНК \"Башнефть\" \"Башнефть-Новойл\"",8,409,"Подвеска №2 ч.05766528-У9044-3039-ТХ2","ШТ",1,12376.93,12376.93,"450045, г. Уфа, ПАО АНК \"Башнефть\" \"Башнефть-Новойл\""]
["Подвески, Отвлетвления","ПАО АНК \"Башнефть\" \"Башнефть-Новойл\"",8,410,"Подвеска №3 ч.05766528-У9044-3039-ТХ2","ШТ",1,31164.94,31164.94,"450045, г. Уфа, ПАО АНК \"Башнефть\" \"Башнефть-Новойл\""]
["Подвески, Отвлетвления","ПАО АНК \"Башнефть\" \"Башнефть-Новойл\"",8,411,"Подвеска Ду15 L=1600 Ст3пс5 М-11-06-14","ШТ",4,131.63999999999999,526.55999999999995,"450045, г. Уфа, ПАО АНК \"Башнефть\" \"Башнефть-Новойл\""]
["Подвески, Отвлетвления","ПАО АНК \"Башнефть\" \"Башнефть-Новойл\"",8,412,"Подвеска Ду15 L=1600 Ст3пс5 М-11-06-14","ШТ",2,128.74,257.48,"450045, г. Уфа, ПАО АНК \"Башнефть\" \"Башнефть-Новойл\""]
["Подвески, Отвлетвления","ПАО АНК \"Башнефть\" \"Башнефть-Новойл\"",8,413,"Подвеска Ду150 L-1000 Ст3пс М-07-31СБ","ШТ",4,3350.86,13403.44,"450045, г. Уфа, ПАО АНК \"Башнефть\" \"Башнефть-Новойл\""]
["Подвески, Отвлетвления","ПАО АНК \"Башнефть\" \"Башнефть-Новойл\"",8,414,"Подвеска Ду50 L-450 Ст3пс ч.М-07-31СБ","ШТ",2,1067.3,2134.6,"450045, г. Уфа, ПАО АНК \"Башнефть\" \"Башнефть-Новойл\""]
["Подвески, Отвлетвления","ПАО АНК \"Башнефть\" \"Башнефть-Новойл\"",8,415,"Подвеска ПГ-108-3920-700","ШТ",4,358.22,1432.88,"450045, г. Уфа, ПАО АНК \"Башнефть\" \"Башнефть-Новойл\""]
["Подвески, Отвлетвления","ПАО АНК \"Башнефть\" \"Башнефть-Новойл\"",8,416,"Подвеска ПГ-108-3920-700","ШТ",7,221.86,1553.02,"450045, г. Уфа, ПАО АНК \"Башнефть\" \"Башнефть-Новойл\""]
["Подвески, Отвлетвления","ПАО АНК \"Башнефть\" \"Башнефть-Новойл\"",8,417,"Подвеска ПГ-108-3920-700","ШТ",1,914.61,914.61,"450045, г. Уфа, ПАО АНК \"Башнефть\" \"Башнефть-Новойл\""]
["Подвески, Отвлетвления","ПАО АНК \"Башнефть\" \"Башнефть-Новойл\"",8,418,"Подвеска ПГ-108-3920-740","ШТ",1,355.1,355.1,"450045, г. Уфа, ПАО АНК \"Башнефть\" \"Башнефть-Новойл\""]
["Подвески, Отвлетвления","ПАО АНК \"Башнефть\" \"Башнефть-Новойл\"",8,419,"Подвеска ПГ-108-3920-945","ШТ",96,359.41,34503.360000000001,"450045, г. Уфа, ПАО АНК \"Башнефть\" \"Башнефть-Новойл\""]
["Подвески, Отвлетвления","ПАО АНК \"Башнефть\" \"Башнефть-Новойл\"",8,420,"Подвеска ПГ-108-3920-950","ШТ",2,349.18,698.36,"450045, г. Уфа, ПАО АНК \"Башнефть\" \"Башнефть-Новойл\""]
["Подвески, Отвлетвления","ПАО АНК \"Башнефть\" \"Башнефть-Новойл\"",8,421,"Подвеска ПГ-108-3920-950","ШТ",2,238.52,477.04,"450045, г. Уфа, ПАО АНК \"Башнефть\" \"Башнефть-Новойл\""]
["Подвески, Отвлетвления","ПАО АНК \"Башнефть\" \"Башнефть-Новойл\"",8,422,"Подвеска ПГ-159-10780-1050","ШТ",1,629.16999999999996,629.16999999999996,"450045, г. Уфа, ПАО АНК \"Башнефть\" \"Башнефть-Новойл\""]
["Подвески, Отвлетвления","ПАО АНК \"Башнефть\" \"Башнефть-Новойл\"",8,423,"Подвеска ПГ-159-10780-1340","ШТ",1,791.58,791.58,"450045, г. Уфа, ПАО АНК \"Башнефть\" \"Башнефть-Новойл\""]
["Подвески, Отвлетвления","ПАО АНК \"Башнефть\" \"Башнефть-Новойл\"",8,424,"Подвеска ПГ-159-10780-615","ШТ",7,1539.58,10777.06,"450045, г. Уфа, ПАО АНК \"Башнефть\" \"Башнефть-Новойл\""]
["Подвески, Отвлетвления","ПАО АНК \"Башнефть\" \"Башнефть-Новойл\"",8,425,"Подвеска ПГ-159-10780-770","ШТ",1,693.74,693.74,"450045, г. Уфа, ПАО АНК \"Башнефть\" \"Башнефть-Новойл\""]
["Подвески, Отвлетвления","ПАО АНК \"Башнефть\" \"Башнефть-Новойл\"",8,426,"Подвеска ПГ-159-10780-820","ШТ",1,325.02999999999997,325.02999999999997,"450045, г. Уфа, ПАО АНК \"Башнефть\" \"Башнефть-Новойл\""]
["Подвески, Отвлетвления","ПАО АНК \"Башнефть\" \"Башнефть-Новойл\"",8,427,"Подвеска ПГ-159-10780-920","ШТ",86,1674.1,143972.6,"450045, г. Уфа, ПАО АНК \"Башнефть\" \"Башнефть-Новойл\""]
["Подвески, Отвлетвления","ПАО АНК \"Башнефть\" \"Башнефть-Новойл\"",8,428,"Подвеска ПГ-32-490-1500","ШТ",2,201.23,402.46,"450045, г. Уфа, ПАО АНК \"Башнефть\" \"Башнефть-Новойл\""]
["Подвески, Отвлетвления","ПАО АНК \"Башнефть\" \"Башнефть-Новойл\"",8,429,"Подвеска ПГ-32-490-2000","ШТ",2,623.77,1247.54,"450045, г. Уфа, ПАО АНК \"Башнефть\" \"Башнефть-Новойл\""]
["Подвески, Отвлетвления","ПАО АНК \"Башнефть\" \"Башнефть-Новойл\"",8,430,"Подвеска ПГ-32-490-510","ШТ",1,194.59,{"$f":"G434*H434","v":194.59},"450045, г. Уфа, ПАО АНК \"Башнефть\" \"Башнефть-Новойл\""]
["Подвески, Отвлетвления","ПАО АНК \"Башнефть\" \"Башнефть-Новойл\"",8,431,"Подвеска ПГ-32-490-800","ШТ",1,184.4,184.4,"450045, г. Уфа, ПАО АНК \"Башнефть\" \"Башнефть-Новойл\""]
["Подвески, Отвлетвления","ПАО АНК \"Башнефть\" \"Башнефть-Новойл\"",8,432,"Подвеска ПГ-32-490-850","ШТ",12,171.51,2058.12,"450045, г. Уфа, ПАО АНК \"Башнефть\" \"Башнефть-Новойл\""]
["Подвески, Отвлетвления","ПАО АНК \"Башнефть\" \"Башнефть-Новойл\"",8,433,"Подвеска ПГ-377-23520-880","ШТ",2,1761.05,3522.1,"450045, г. Уфа, ПАО АНК \"Башнефть\" \"Башнефть-Новойл\""]
["Подвески, Отвлетвления","ПАО АНК \"Башнефть\" \"Башнефть-Новойл\"",8,434,"Подвеска ПГ-45-490-500","ШТ",4,153.86000000000001,615.44000000000005,"450045, г. Уфа, ПАО АНК \"Башнефть\" \"Башнефть-Новойл\""]
["Подвески, Отвлетвления","ПАО АНК \"Башнефть\" \"Башнефть-Новойл\"",8,435,"Подвеска ПГ-57-1960-1400","ШТ",1,284.62,284.62,"450045, г. Уфа, ПАО АНК \"Башнефть\" \"Башнефть-Новойл\""]
["Подвески, Отвлетвления","ПАО АНК \"Башнефть\" \"Башнефть-Новойл\"",8,436,"Подвеска ПГ-57-1960-1450","ШТ",1,256.18,256.18,"450045, г. Уфа, ПАО АНК \"Башнефть\" \"Башнефть-Новойл\""]
["Подвески, Отвлетвления","ПАО АНК \"Башнефть\" \"Башнефть-Новойл\"",8,437,"Подвеска ПГ-57-1960-1560","ШТ",1,206.76,206.76,"450045, г. Уфа, ПАО АНК \"Башнефть\" \"Башнефть-Новойл\""]
["Подвески, Отвлетвления","ПАО АНК \"Башнефть\" \"Башнефть-Новойл\"",8,438,"Подвеска ПГ-57-1960-1600","ШТ",1,210.76,210.76,"450045, г. Уфа, ПАО АНК \"Башнефть\" \"Башнефть-Новойл\""]
["Подвески, Отвлетвления","ПАО АНК \"Башнефть\" \"Башнефть-Новойл\"",8,439,"Подвеска ПГ-57-1960-2000","ШТ",1,265.47000000000003,265.47000000000003,"450045, г. Уфа, ПАО АНК \"Башнефть\" \"Башнефть-Новойл\""]
["Подвески, Отвлетвления","ПАО АНК \"Башнефть\" \"Башнефть-Новойл\"",8,440,"Подвеска ПГ-57-1960-2500","ШТ",1,282.39999999999998,282.39999999999998,"450045, г. Уфа, ПАО АНК \"Башнефть\" \"Башнефть-Новойл\""]
["Подвески, Отвлетвления","ПАО АНК \"Башнефть\" \"Башнефть-Новойл\"",8,441,"Подвеска ПГ-57-1960-400","ШТ",4,180.32,721.28,"450045, г. Уфа, ПАО АНК \"Башнефть\" \"Башнефть-Новойл\""]
["Подвески, Отвлетвления","ПАО АНК \"Башнефть\" \"Башнефть-Новойл\"",8,442,"Подвеска ПГ-57-1960-525","ШТ",3,240.14,720.42,"450045, г. Уфа, ПАО АНК \"Башнефть\" \"Башнефть-Новойл\""]
["Подвески, Отвлетвления","ПАО АНК \"Башнефть\" \"Башнефть-Новойл\"",8,443,"Подвеска ПГ-57-1960-530","ШТ",2,240.14,480.28,"450045, г. Уфа, ПАО АНК \"Башнефть\" \"Башнефть-Новойл\""]
["Подвески, Отвлетвления","ПАО АНК \"Башнефть\" \"Башнефть-Новойл\"",8,444,"Подвеска ПГ-57-1960-540","ШТ",1,244.59,244.59,"450045, г. Уфа, ПАО АНК \"Башнефть\" \"Башнефть-Новойл\""]
["Подвески, Отвлетвления","ПАО АНК \"Башнефть\" \"Башнефть-Новойл\"",8,445,"Подвеска ПГ-57-1960-560","ШТ",1,244.59,244.59,"450045, г. Уфа, ПАО АНК \"Башнефть\" \"Башнефть-Новойл\""]
["Подвески, Отвлетвления","ПАО АНК \"Башнефть\" \"Башнефть-Новойл\"",8,446,"Подвеска ПГ-57-1960-565","ШТ",2,246.56,493.12,"450045, г. Уфа, ПАО АНК \"Башнефть\" \"Башнефть-Новойл\""]
["Подвески, Отвлетвления","ПАО АНК \"Башнефть\" \"Башнефть-Новойл\"",8,447,"Подвеска ПГ-57-1960-570","ШТ",1,244.59,244.59,"450045, г. Уфа, ПАО АНК \"Башнефть\" \"Башнефть-Новойл\""]
["Подвески, Отвлетвления","ПАО АНК \"Башнефть\" \"Башнефть-Новойл\"",8,448,"Подвеска ПГ-57-1960-590","ШТ",8,247.03,1976.24,"450045, г. Уфа, ПАО АНК \"Башнефть\" \"Башнефть-Новойл\""]
["Подвески, Отвлетвления","ПАО АНК \"Башнефть\" \"Башнефть-Новойл\"",8,449,"Подвеска ПГ-57-1960-650","ШТ",1,409.74,409.74,"450045, г. Уфа, ПАО АНК \"Башнефть\" \"Башнефть-Новойл\""]
["Подвески, Отвлетвления","ПАО АНК \"Башнефть\" \"Башнефть-Новойл\"",8,450,"Подвеска ПГ-57-1960-670","ШТ",2,249.04,498.08,"450045, г. Уфа, ПАО АНК \"Башнефть\" \"Башнефть-Новойл\""]
["Подвески, Отвлетвления","ПАО АНК \"Башнефть\" \"Башнефть-Новойл\"",8,451,"Подвеска ПГ-57-1960-730","ШТ",3,249.04,747.12,"450045, г. Уфа, ПАО АНК \"Башнефть\" \"Башнефть-Новойл\""]
["Подвески, Отвлетвления","ПАО АНК \"Башнефть\" \"Башнефть-Новойл\"",8,452,"Подвеска ПГ-57-1960-790","ШТ",2,250.73,501.46,"450045, г. Уфа, ПАО АНК \"Башнефть\" \"Башнефть-Новойл\""]
["Подвески, Отвлетвления","ПАО АНК \"Башнефть\" \"Башнефть-Новойл\"",8,453,"Подвеска ПГ-57-1960-935","ШТ",3,253.4,760.2,"450045, г. Уфа, ПАО АНК \"Башнефть\" \"Башнефть-Новойл\""]
["Подвески, Отвлетвления","ПАО АНК \"Башнефть\" \"Башнефть-Новойл\"",8,454,"Подвеска ПГ-57-1960-950","ШТ",6,133.87,803.22,"450045, г. Уфа, ПАО АНК \"Башнефть\" \"Башнефть-Новойл\""]
["Подвески, Отвлетвления","ПАО АНК \"Башнефть\" \"Башнефть-Новойл\"",8,455,"Подвеска ПГ-57-1960-970","ШТ",60,249.32,14959.199999999999,"450045, г. Уфа, ПАО АНК \"Башнефть\" \"Башнефть-Новойл\""]
["Подвески, Отвлетвления","ПАО АНК \"Башнефть\" \"Башнефть-Новойл\"",8,456,"Подвеска ПГ-57-1960-984","ШТ",1,587.02,587.02,"450045, г. Уфа, ПАО АНК \"Башнефть\" \"Башнефть-Новойл\""]
["Подвески, Отвлетвления","ПАО АНК \"Башнефть\" \"Башнефть-Новойл\"",8,457,"Подвеска ПГ-89-3920-570","ШТ",2,297.95,595.9,"450045, г. Уфа, ПАО АНК \"Башнефть\" \"Башнефть-Новойл\""]
["Подвески, Отвлетвления","ПАО АНК \"Башнефть\" \"Башнефть-Новойл\"",8,458,"Подвеска ПГ-89-3920-600","ШТ",1,691.07,691.07,"450045, г. Уфа, ПАО АНК \"Башнефть\" \"Башнефть-Новойл\""]
["Подвески, Отвлетвления","ПАО АНК \"Башнефть\" \"Башнефть-Новойл\"",8,459,"Подвеска ПГ-89-3920-700","ШТ",2,240.46,480.92,"450045, г. Уфа, ПАО АНК \"Башнефть\" \"Башнефть-Новойл\""]
["Подвески, Отвлетвления","ПАО АНК \"Башнефть\" \"Башнефть-Новойл\"",8,460,"Подвеска ПГ-89-3920-700","ШТ",2,219.89,439.78,"450045, г. Уфа, ПАО АНК \"Башнефть\" \"Башнефть-Новойл\""]
["Подвески, Отвлетвления","ПАО АНК \"Башнефть\" \"Башнефть-Новойл\"",8,461,"Подвеска ПГ-89-3960-1315","ШТ",1,347.78,347.78,"450045, г. Уфа, ПАО АНК \"Башнефть\" \"Башнефть-Новойл\""]
["Подвески, Отвлетвления","ПАО АНК \"Башнефть\" \"Башнефть-Новойл\"",8,462,"Подвеска ПМ-108-3920-1250","ШТ",3,1088.23,3264.69,"450045, г. Уфа, ПАО АНК \"Башнефть\" \"Башнефть-Новойл\""]
["Подвески, Отвлетвления","ПАО АНК \"Башнефть\" \"Башнефть-Новойл\"",8,463,"Подвеска ПМ-108-3920-1845","ШТ",2,325.79000000000002,651.58000000000004,"450045, г. Уфа, ПАО АНК \"Башнефть\" \"Башнефть-Новойл\""]
["Подвески, Отвлетвления","ПАО АНК \"Башнефть\" \"Башнефть-Новойл\"",8,464,"Подвеска ПМ-108-3920-550","ШТ",20,242.6,4852,"450045, г. Уфа, ПАО АНК \"Башнефть\" \"Башнефть-Новойл\""]
["Подвески, Отвлетвления","ПАО АНК \"Башнефть\" \"Башнефть-Новойл\"",8,465,"Подвеска ПМ-159-10780-1000","ШТ",1,653.46,653.46,"450045, г. Уфа, ПАО АНК \"Башнефть\" \"Башнефть-Новойл\""]
["Подвески, Отвлетвления","ПАО АНК \"Башнефть\" \"Башнефть-Новойл\"",8,466,"Подвеска ПМ-159-10780-2200","ШТ",2,707.02,1414.04,"450045, г. Уфа, ПАО АНК \"Башнефть\" \"Башнефть-Новойл\""]
["Подвески, Отвлетвления","ПАО АНК \"Башнефть\" \"Башнефть-Новойл\"",8,467,"Подвеска ПМ-159-10780-470","ШТ",4,735.02,2940.08,"450045, г. Уфа, ПАО АНК \"Башнефть\" \"Башнефть-Новойл\""]
["Подвески, Отвлетвления","ПАО АНК \"Башнефть\" \"Башнефть-Новойл\"",8,468,"Подвеска ПМ-219-19600-1100","ШТ",4,1375.73,5502.92,"450045, г. Уфа, ПАО АНК \"Башнефть\" \"Башнефть-Новойл\""]
["Подвески, Отвлетвления","ПАО АНК \"Башнефть\" \"Башнефть-Новойл\"",8,469,"Подвеска ПМ-325-31360-1080","ШТ",1,228.74,228.74,"450045, г. Уфа, ПАО АНК \"Башнефть\" \"Башнефть-Новойл\""]
["Подвески, Отвлетвления","ПАО АНК \"Башнефть\" \"Башнефть-Новойл\"",8,470,"Подвеска ПМ-57-1960-1000","ШТ",2,533.65,1067.3,"450045, г. Уфа, ПАО АНК \"Башнефть\" \"Башнефть-Новойл\""]
["Подвески, Отвлетвления","ПАО АНК \"Башнефть\" \"Башнефть-Новойл\"",8,471,"Подвеска ПМ-57-1960-500","ШТ",1,204.73,204.73,"450045, г. Уфа, ПАО АНК \"Башнефть\" \"Башнефть-Новойл\""]
["Подвески, Отвлетвления","ПАО АНК \"Башнефть\" \"Башнефть-Новойл\"",8,472,"Подвеска ПМ-57-1960-500","ШТ",2,285.76,571.52,"450045, г. Уфа, ПАО АНК \"Башнефть\" \"Башнефть-Новойл\""]
["Подвески, Отвлетвления","ПАО АНК \"Башнефть\" \"Башнефть-Новойл\"",8,473,"Подвеска ПМ-57-1960-500","ШТ",1,194.66,194.66,"450045, г. Уфа, ПАО АНК \"Башнефть\" \"Башнефть-Новойл\""]
["Подвески, Отвлетвления","ПАО АНК \"Башнефть\" \"Башнефть-Новойл\"",8,474,"Подвеска ПМ-89-3920-1300","ШТ",1,245.05,245.05,"450045, г. Уфа, ПАО АНК \"Башнефть\" \"Башнефть-Новойл\""]
["Подвески, Отвлетвления","ПАО АНК \"Башнефть\" \"Башнефть-Новойл\"",8,475,"Подвеска ПМ-89-3920-1300","ШТ",4,702.64,2810.56,"450045, г. Уфа, ПАО АНК \"Башнефть\" \"Башнефть-Новойл\""]
["Подвески, Отвлетвления","ПАО АНК \"Башнефть\" \"Башнефть-Новойл\"",8,476,"Подвеска ПМ-89-3920-1800","ШТ",1,304.99,304.99,"450045, г. Уфа, ПАО АНК \"Башнефть\" \"Башнефть-Новойл\""]
["Подвески, Отвлетвления","ПАО АНК \"Башнефть\" \"Башнефть-Новойл\"",8,477,"Подвеска ПМ-89-3920-2000","ШТ",1,318.85000000000002,318.85000000000002,"450045, г. Уфа, ПАО АНК \"Башнефть\" \"Башнефть-Новойл\""]
["Подвески, Отвлетвления","ПАО АНК \"Башнефть\" \"Башнефть-Новойл\"",8,478,"Подвеска пруж. Ду300 011-(2295)-ТЭЦ3-4ВО","ШТ",1,29644.93,29644.93,"450045, г. Уфа, ПАО АНК \"Башнефть\" \"Башнефть-Новойл\""]
["Подвески, Отвлетвления","ПАО АНК \"Башнефть\" \"Башнефть-Новойл\"",8,479,"Подвеска пружинная 012-(2143)-11/1-83ВО","ШТ",1,10204.290000000001,10204.290000000001,"450045, г. Уфа, ПАО АНК \"Башнефть\" \"Башнефть-Новойл\""]
["Подвески, Отвлетвления","ПАО АНК \"Башнефть\" \"Башнефть-Новойл\"",8,480,"Подвеска ПГ-57-1960-525","ШТ",5,240.14,1200.6999999999998,"450045, г. Уфа, ПАО АНК \"Башнефть\" \"Башнефть-Новойл\""]
["Стремянки","ПАО АНК \"Башнефть\" \"Башнефть-Новойл\"",9,481,"Стремянка С1-00","ШТ",7,348.6,2440.2000000000003,"450045, г. Уфа, ПАО АНК \"Башнефть\" \"Башнефть-Новойл\""]
["Стремянки","ПАО АНК \"Башнефть\" \"Башнефть-Новойл\"",9,482,"Стремянка С1-00","ШТ",7,348.6,2440.2000000000003,"450045, г. Уфа, ПАО АНК \"Башнефть\" \"Башнефть-Новойл\""]
["Стремянки","ПАО АНК \"Башнефть\" \"Башнефть-Новойл\"",9,483,"Стремянка С1-01","ШТ",3,776.46,2329.38,"450045, г. Уфа, ПАО АНК \"Башнефть\" \"Башнефть-Новойл\""]
["Стремянки","ПАО АНК \"Башнефть\" \"Башнефть-Новойл\"",9,484,"Стремянка С1-01","ШТ",2,2997.11,5994.22,"450045, г. Уфа, ПАО АНК \"Башнефть\" \"Башнефть-Новойл\""]
["Стремянки","ПАО АНК \"Башнефть\" \"Башнефть-Новойл\"",9,485,"Стремянка С1-03","ШТ",2,1296.77,2593.54,"450045, г. Уфа, ПАО АНК \"Башнефть\" \"Башнефть-Новойл\""]
["Стремянки","ПАО АНК \"Башнефть\" \"Башнефть-Новойл\"",9,486,"Стремянка С1-03","ШТ",2,951.34,1902.68,"450045, г. Уфа, ПАО АНК \"Башнефть\" \"Башнефть-Новойл\""]
["Стремянки","ПАО АНК \"Башнефть\" \"Башнефть-Новойл\"",9,487,"Стремянка С1-04","ШТ",1,776.46,776.46,"450045, г. Уфа, ПАО АНК \"Башнефть\" \"Башнефть-Новойл\""]
["Стремянки","ПАО АНК \"Башнефть\" \"Башнефть-Новойл\"",9,488,"Стремянка СГ-34","ШТ",12,3989.09,47869.08,"450045, г. Уфа, ПАО АНК \"Башнефть\" \"Башнефть-Новойл\""]
["Стремянки","ПАО АНК \"Башнефть\" \"Башнефть-Новойл\"",9,489,"Ограждение ОЛГ 45-10.18 1.450.3-7.94","ШТ",22,1051.81,23139.82,"450045, г. Уфа, ПАО АНК \"Башнефть\" \"Башнефть-Новойл\""]
["Стремянки","ПАО АНК \"Башнефть\" \"Башнефть-Новойл\"",9,490,"Ограждение ОПБГ-10.9","ШТ",4,931.87,3727.48,"450045, г. Уфа, ПАО АНК \"Башнефть\" \"Башнефть-Новойл\""]
["Стремянки","ПАО АНК \"Башнефть\" \"Башнефть-Новойл\"",9,491,"Ограждение ОПТГ-10.9 1.450.3-7.94","ШТ",1,762.83,762.83,"450045, г. Уфа, ПАО АНК \"Башнефть\" \"Башнефть-Новойл\""]
["Стремянки","ПАО АНК \"Башнефть\" \"Башнефть-Новойл\"",9,492,"Ограждение ПЛГ-11 1.459-2","ШТ",1,1821.66,1821.66,"450045, г. Уфа, ПАО АНК \"Башнефть\" \"Башнефть-Новойл\""]
["Стремянки","ПАО АНК \"Башнефть\" \"Башнефть-Новойл\"",9,493,"Ограждение ПЛГ-12 1.459-2","ШТ",1,1821.66,1821.66,"450045, г. Уфа, ПАО АНК \"Башнефть\" \"Башнефть-Новойл\""]
["Изделия по чертежам","ПАО АНК \"Башнефть\" \"Башнефть-Новойл\"",10,494,"Вилка 01","ШТ",2,388.12,{"$f":"G498*H498","v":776.24},"450045, г. Уфа, ПАО АНК \"Башнефть\" \"Башнефть-Новойл\""]
["Изделия по чертежам","ПАО АНК \"Башнефть\" \"Башнефть-Новойл\"",10,495,"Ворота метал.В-1а 2ств.3000х2500 калит.","ШТ",3,20702.240000000002,62106.720000000001,"450045, г. Уфа, ПАО АНК \"Башнефть\" \"Башнефть-Новойл\""]
["Изделия по чертежам","ПАО АНК \"Башнефть\" \"Башнефть-Новойл\"",10,496,"Зонд щелевой Ду50 05766528-2142-11/3-4ТП","ШТ",1,544.45000000000005,544.45000000000005,"450045, г. Уфа, ПАО АНК \"Башнефть\" \"Башнефть-Новойл\""]
["Изделия по чертежам","ПАО АНК \"Башнефть\" \"Башнефть-Новойл\"",10,497,"Зонд щелевой Ду80 05766528-2142-11/3-5ТП","ШТ",1,1537.49,1537.49,"450045, г. Уфа, ПАО АНК \"Башнефть\" \"Башнефть-Новойл\""]
["Изделия по чертежам","ПАО АНК \"Башнефть\" \"Башнефть-Новойл\"",10,498,"Зонд щелевой Ду80 05766528-2142-11/3-6ТП","ШТ",2,1537.49,3074.98,"450045, г. Уфа, ПАО АНК \"Башнефть\" \"Башнефть-Новойл\""]
["Изделия по чертежам","ПАО АНК \"Башнефть\" \"Башнефть-Новойл\"",10,499,"Пружина 16","ШТ",2,1743.38,3486.76,"450045, г. Уфа, ПАО АНК \"Башнефть\" \"Башнефть-Новойл\""]
["Изделия по чертежам","ПАО АНК \"Башнефть\" \"Башнефть-Новойл\"",10,500,"Расширитель Ду20 Ст20","ШТ",20,3468.73,69374.600000000006,"450045, г. Уфа, ПАО АНК \"Башнефть\" \"Башнефть-Новойл\""]
["Изделия по чертежам","ПАО АНК \"Башнефть\" \"Башнефть-Новойл\"",10,501,"Расширитель Ду40 Ст20","ШТ",2,4269.21,8538.42,"450045, г. Уфа, ПАО АНК \"Башнефть\" \"Башнефть-Новойл\""]
["Изделия по чертежам","ПАО АНК \"Башнефть\" \"Башнефть-Новойл\"",10,502,"Расширитель по ОЛ №40/2-17 20 02-11-АОВ","ШТ",1,3397.96,3397.96,"450045, г. Уфа, ПАО АНК \"Башнефть\" \"Башнефть-Новойл\""]
["Изделия по чертежам","ПАО АНК \"Башнефть\" \"Башнефть-Новойл\"",10,503,"Расширитель по ОЛ №40/2-18 20 02-11-АХС","ШТ",4,3397.96,13591.84,"450045, г. Уфа, ПАО АНК \"Башнефть\" \"Башнефть-Новойл\""]
["Изделия по чертежам","ПАО АНК \"Башнефть\" \"Башнефть-Новойл\"",10,504,"Расширитель по ОЛ №40/2-19 20 02-11-АХС","ШТ",3,3397.96,10193.880000000001,"450045, г. Уфа, ПАО АНК \"Башнефть\" \"Башнефть-Новойл\""]
["Изделия по чертежам","ПАО АНК \"Башнефть\" \"Башнефть-Новойл\"",10,505,"Сальник С-108-400 Ст3сп2 Т-ММ-18-90","ШТ",2,2922.29,5844.58,"450045, г. Уфа, ПАО АНК \"Башнефть\" \"Башнефть-Новойл\""]
["Изделия по чертежам","ПАО АНК \"Башнефть\" \"Башнефть-Новойл\"",10,506,"Труба 57х335 Ст20 УВ 1133.00.002","ШТ",1,1143.74,1143.74,"450045, г. Уфа, ПАО АНК \"Башнефть\" \"Башнефть-Новойл\""]
["Изделия по чертежам","ПАО АНК \"Башнефть\" \"Башнефть-Новойл\"",10,507,"Трубка Ст20 601-361.09-503-ТК-01-000 СБ","ШТ",2,427.88,855.76,"450045, г. Уфа, ПАО АНК \"Башнефть\" \"Башнефть-Новойл\""]
["Изделия по чертежам","ПАО АНК \"Башнефть\" \"Башнефть-Новойл\"",10,508,"Тяга резьбовая 07 ОСТ 24.125.107","ШТ",4,144.38999999999999,577.55999999999995,"450045, г. Уфа, ПАО АНК \"Башнефть\" \"Башнефть-Новойл\""]
["Изделия по чертежам","ПАО АНК \"Башнефть\" \"Башнефть-Новойл\"",10,509,"Тяга резьбовая 24 ОСТ 24.125.107","ШТ",2,276.69,553.38,"450045, г. Уфа, ПАО АНК \"Башнефть\" \"Башнефть-Новойл\""]
["Изделия по чертежам","ПАО АНК \"Башнефть\" \"Башнефть-Новойл\"",10,510,"Узел крепления подвески 122","ШТ",1,5148.53,5148.53,"450045, г. Уфа, ПАО АНК \"Башнефть\" \"Башнефть-Новойл\""]
["Изделия по чертежам","ПАО АНК \"Башнефть\" \"Башнефть-Новойл\"",10,511,"Узел крепления подвески 124","ШТ",2,5148.53,10297.06,"450045, г. Уфа, ПАО АНК \"Башнефть\" \"Башнефть-Новойл\""]
["Изделия по чертежам","ПАО АНК \"Башнефть\" \"Башнефть-Новойл\"",10,512,"Узел крепления подвески 27","ШТ",1,17161.75,17161.75,"450045, г. Уфа, ПАО АНК \"Башнефть\" \"Башнефть-Новойл\""]
["Изделия по чертежам","ПАО АНК \"Башнефть\" \"Башнефть-Новойл\"",10,513,"Узел крепления подвески 62","ШТ",4,904.63,3618.52,"450045, г. Уфа, ПАО АНК \"Башнефть\" \"Башнефть-Новойл\""]
["Изделия по чертежам","ПАО АНК \"Башнефть\" \"Башнефть-Новойл\"",10,514,"Узел крепления подвески 63","ШТ",2,1094.49,2188.98,"450045, г. Уфа, ПАО АНК \"Башнефть\" \"Башнефть-Новойл\""]
["Изделия по чертежам","ПАО АНК \"Башнефть\" \"Башнефть-Новойл\"",10,515,"Ушко 12Х18Н9Т УФГ 326.00.006","ШТ",4,184.79,739.16,"450045, г. Уфа, ПАО АНК \"Башнефть\" \"Башнефть-Новойл\""]
["Изделия по чертежам","ПАО АНК \"Башнефть\" \"Башнефть-Новойл\"",10,516,"Х Боб.1-2-М27х2-100 15Х5М 26.260.460","ШТ",3,320.19,960.56999999999994,"450045, г. Уфа, ПАО АНК \"Башнефть\" \"Башнефть-Новойл\""]
["Изделия по чертежам","ПАО АНК \"Башнефть\" \"Башнефть-Новойл\"",10,517,"Х Пер.ПК426х12-325х10 15Х5М ГОСТ 17378","ШТ",2,20218.14,40436.28,"450045, г. Уфа, ПАО АНК \"Башнефть\" \"Башнефть-Новойл\""]
["Изделия по чертежам","ПАО АНК \"Башнефть\" \"Башнефть-Новойл\"",10,518,"Холодильник ХП 012-(2142)-11/3-33ТП","ШТ",1,17788,17788,"450045, г. Уфа, ПАО АНК \"Башнефть\" \"Башнефть-Новойл\""]
["Изделия по чертежам","ПАО АНК \"Башнефть\" \"Башнефть-Новойл\"",10,519,"Шайба др.Ду100 Ру40 09Г2С М-12-03","ШТ",1,733.14,733.14,"450045, г. Уфа, ПАО АНК \"Башнефть\" \"Башнефть-Новойл\""]
["Изделия по чертежам","ПАО АНК \"Башнефть\" \"Башнефть-Новойл\"",10,520,"Шпилька 45х350 35/25 эск.№33","КМП",28,534.89,14976.92,"450045, г. Уфа, ПАО АНК \"Башнефть\" \"Башнефть-Новойл\""]
["Изделия по чертежам","ПАО АНК \"Башнефть\" \"Башнефть-Новойл\"",10,521,"Шпилька М42х530 Ст35 УВ 1133.00.003","ШТ",2,987.05,1974.1,"450045, г. Уфа, ПАО АНК \"Башнефть\" \"Башнефть-Новойл\""]
["Изделия по чертежам","ПАО АНК \"Башнефть\" \"Башнефть-Новойл\"",10,522,"Шайба др.Ду100 Ру40 09Г2С М-12-03","ШТ",1,733.14,733.14,"450045, г. Уфа, ПАО АНК \"Башнефть\" \"Башнефть-Новойл\""]
["Оборудование","ПАО АНК \"Башнефть\" \"Башнефть-Новойл\"",11,523,"Подв.273х400 35Х23Н7СЛ","ШТ",6,1043.9100000000001,6263.4600000000009,"450045, г. Уфа, ПАО АНК \"Башнефть\" \"Башнефть-Новойл\""]
["Оборудование","ПАО АНК \"Башнефть\" \"Башнефть-Новойл\"",11,524,"Подвеска 35Х23Н7СЛ","ШТ",6,1398.45,8390.7000000000007,"450045, г. Уфа, ПАО АНК \"Башнефть\" \"Башнефть-Новойл\""]
["Оборудование","ПАО АНК \"Башнефть\" \"Башнефть-Новойл\"",11,525,"Подвеска 3-х трубная D102 РМЦ208 эск.576","ШТ",2,571.15,1142.3,"450045, г. Уфа, ПАО АНК \"Башнефть\" \"Башнефть-Новойл\""]
["Оборудование","ПАО АНК \"Башнефть\" \"Башнефть-Новойл\"",11,526,"Подвеска 4-х трубная D102 РМЦ208 эск.576","ШТ",45,20.96,943.2,"450045, г. Уфа, ПАО АНК \"Башнефть\" \"Башнефть-Новойл\""]
["Оборудование","ПАО АНК \"Башнефть\" \"Башнефть-Новойл\"",11,527,"Подвеска 4-х трубная Д102 РМЦ208","ШТ",80,804.71,64376.800000000003,"450045, г. Уфа, ПАО АНК \"Башнефть\" \"Башнефть-Новойл\""]
["Оборудование","ПАО АНК \"Башнефть\" \"Башнефть-Новойл\"",11,528,"Ретурбенд D102 РМЦ172 25серия 20Х5МЛ ТУ","ШТ",5,123619.27,618096.35,"450045, г. Уфа, ПАО АНК \"Башнефть\" \"Башнефть-Новойл\""]
["Оборудование","ПАО АНК \"Башнефть\" \"Башнефть-Новойл\"",11,529,"Ретурбенд D152 РМЦ275 25серия 20Х5МЛ ТУ","ШТ",6,138120.13,828720.78,"450045, г. Уфа, ПАО АНК \"Башнефть\" \"Башнефть-Новойл\""]
["Оборудование","ПАО АНК \"Башнефть\" \"Башнефть-Новойл\"",11,530,"Подвеска 3-х трубная D102 РМЦ208 эск.576","ШТ",1,571.15,571.15,"450045, г. Уфа, ПАО АНК \"Башнефть\" \"Башнефть-Новойл\""]
["Оборудование","ПАО АНК \"Башнефть\" \"Башнефть-Новойл\"",11,531,"Подвеска 3-х трубная D102 РМЦ208 эск.576","ШТ",29,571.15,16563.349999999999,"450045, г. Уфа, ПАО АНК \"Башнефть\" \"Башнефть-Новойл\""]
["Оборудование","ПАО АНК \"Башнефть\" \"Башнефть-Новойл\"",11,532,"Подвеска 3-х трубная D102 РМЦ208 эск.576","ШТ",4,571.15,2284.6,"450045, г. Уфа, ПАО АНК \"Башнефть\" \"Башнефть-Новойл\""]

{"sheet":"Лист1","index":1,"n_rows":0,"n_cols":0,"rows_kept":0,"cut":false,"hidden":false,"merged":[]}